10 Biggest Cities in Every Country - Statistics

General Stats
  • This quiz has been taken 206 times
    200 since last reset
  • The average score is 327 of 1881
Answer Stats
Country Population City % Correct
India (2011) 16,349,831 Delhi
92%
Fiji (2017) 15,846 Ba
89%
India (2011) 18,394,912 Mumbai
88%
USA (2023) 8,258,035 New York
88%
Mali (2009) 66,967 San
86%
USA (2023) 3,820,914 Los Angeles
85%
Micronesia (2010) 3,192 U
85%
China (2020) 18,960,744 Beijing
84%
Sierra Leone (2015) 174,369 Bo
84%
Ivory Coast (2014) 149,041 Man
84%
Liechtenstein (2021) 6,027 Schaan
84%
USA (2023) 2,664,452 Chicago
83%
China (2020) 21,909,814 Shanghai
82%
Bhutan (2017) 6,243 Jakar
81%
Indonesia (2010) 9,607,787 Jakarta
81%
Mexico (2020) 8,843,706 Mexico City
81%
Russia (2021) 13,010,112 Moscow
81%
Russia (2021) 5,601,911 Saint Petersburg
81%
Montenegro (2023) 15,868 Bar
80%
Germany (2022) 3,596,999 Berlin
80%
Brazil (2024) 6,729,830 Rio de Janeiro
80%
Turkey (2022) 15,244,936 Istanbul
79%
Togo (2022) 158,090 Kara
79%
UK (2021) 8,776,535 London
79%
France (2022) 2,113,705 Paris
79%
Egypt (2023) 9,801,536 Cairo
78%
Spain (2024) 3,422,416 Madrid
78%
Brazil (2024) 11,877,700 São Paulo
78%
Japan (2020) 9,733,276 Tokyo
78%
Spain (2024) 1,686,208 Barcelona
77%
Venezuela (2019) 454,200 Barcelona
77%
USA (2023) 1,302,868 Dallas
77%
Yemen (2004) 212,992 Ibb
77%
Nigeria (1991) 5,195,247 Lagos
77%
Portugal (2021) 231,800 Porto
77%
Italy (2024) 2,754,719 Rome
77%
Netherlands (2021) 1,136,210 Amsterdam
76%
Turkey (2022) 5,186,002 Ankara
76%
Brazil (2024) 2,877,690 Brasília
76%
South Africa (2011) 3,430,992 Cape Town
76%
Germany (2022) 1,808,846 Hamburg
76%
Yemen (2004) 1,707,531 Sana'a
76%
South Korea (2020) 9,586,195 Seoul
76%
Thailand (2019) 5,666,264 Bangkok
75%
Bangladesh (2022) 10,295,786 Dhaka
75%
USA (2023) 2,314,157 Houston
75%
Pakistan (2023) 1,108,872 Islamabad
75%
UK (2021) 470,411 Manchester
75%
Philippines (2020) 25,439,818 Manila
75%
Sweden (2023) 1,809,412 Stockholm
75%
Iran (2016) 8,693,706 Tehran
75%
South Africa (2011) 7,860,781 Johannesburg
74%
India (2011) 14,057,991 Kolkata
74%
Uruguay (2023) 1,287,452 Montevideo
74%
Germany (2022) 1,478,638 Munich
74%
Japan (2020) 2,752,412 Osaka
74%
Ecuador (2022) 1,763,275 Quito
74%
Poland (2023) 1,861,599 Warsaw
74%
Greece (2021) 3,146,164 Athens
73%
Belgium (2024) 196,828 Brussels
73%
Portugal (2021) 545,796 Lisbon
73%
Ethiopia (2022) 3,860,000 Addis Ababa
72%
UK (2021) 1,121,408 Birmingham
72%
Argentina (2019) 15,172,700 Buenos Aires
72%
Vietnam (2019) 3,605,364 Hanoi
72%
Ukraine (2022) 2,952,301 Kiev
72%
Italy (2024) 1,371,850 Milan
72%
Italy (2024) 911,697 Naples
72%
Czechia (2021) 1,301,432 Prague
72%
Canada (2021) 5,647,656 Toronto
72%
India (2011) 8,520,435 Bengaluru
71%
Germany (2022) 743,268 Frankfurt
71%
UK (2021) 506,552 Liverpool
71%
Egypt (2023) 5,362,517 Alexandria
70%
Algeria (2008) 2,364,230 Algiers
70%
Iraq (2018) 6,719,476 Baghdad
70%
Hungary (2022) 1,685,342 Budapest
70%
Guatemala (2018) 923,392 Guatemala City
70%
Somalia (2014) 1,650,227 Mogadishu
70%
Netherlands (2021) 868,135 Rotterdam
70%
Tunisia (2023) 599,368 Tunis
70%
UK (2021) 631,690 Glasgow
69%
China (2020) 16,096,724 Guangzhou
69%
Cuba (2022) 2,137,847 Havana
69%
Vietnam (2019) 7,004,921 Ho Chi Minh City
69%
Afghanistan (2020) 4,434,600 Kabul
69%
France (2022) 877,215 Marseille
69%
Canada (2021) 2,426,160 Vancouver
69%
Colombia (2023) 7,876,000 Bogotá
68%
Morocco (2024) 3,218,036 Casablanca
68%
Germany (2022) 1,017,355 Cologne
68%
Tanzania (2022) 5,383,728 Dar es Salaam
68%
UAE (2015) 2,401,067 Dubai
68%
UK (2021) 505,310 Edinburgh
68%
Mexico (2020) 1,385,621 Guadalajara
68%
India (2011) 7,677,018 Hyderabad
68%
Pakistan (2023) 1,921,275 Hyderabad
68%
Pakistan (2023) 18,868,021 Karachi
68%
Jamaica (2011) 584,627 Kingston
68%
St Vincent and the Grenadines (2012) 26,721 Kingstown
68%
DRC (2004) 7,273,947 Kinshasa
68%
Peru (2022) 11,166,200 Lima
68%
France (2022) 520,774 Lyon
68%
Saudi Arabia (2022) 6,924,566 Riyadh
68%
Chile (2017) 6,160,040 Santiago
68%
Panama (2023) 51,339 Santiago
68%
Cuba (2022) 431,411 Santiago de Cuba
68%
Dominican Republic (2022) 612,595 Santiago de los Caballeros
68%
Belgium (2024) 544,759 Antwerp
67%
Canada (2021) 3,675,219 Montréal
67%
Kenya (2019) 4,397,073 Nairobi
67%
France (2022) 353,701 Nice
67%
Norway (2024) 717,710 Oslo
67%
Canada (2021) 1,068,821 Ottawa
67%
Bulgaria (2023) 1,196,806 Sofia
67%
Albania (2011) 418,495 Tirana
67%
Austria (2024) 2,005,760 Vienna
67%
UAE (2015) 1,202,756 Abu Dhabi
66%
UK (2021) 536,321 Leeds
66%
Belarus (2023) 1,995,471 Minsk
66%
Spain (2024) 824,340 València
66%
Venezuela (2019) 1,585,500 Valencia
66%
Switzerland (2023) 136,988 Bern
65%
Moldova (2014) 532,513 Chisinau
65%
Denmark (2024) 1,378,649 Copenhagen
65%
Ireland (2022) 592,713 Dublin
65%
Finland (2023) 674,500 Helsinki
65%
Israel (2021) 966,210 Jerusalem
65%
Bolivia (2012) 758,845 La Paz
65%
Slovenia (2022) 284,293 Ljubljana
65%
Luxembourg (2024) 134,697 Luxembourg
65%
USA (2023) 1,550,542 Philadelphia
65%
South Africa (2011) 1,763,336 Pretoria
65%
Latvia (2021) 620,974 Riga
65%
Bosnia and Herzegovina (2013) 348,363 Sarajevo
65%
Australia (2023) 5,041,275 Sydney
65%
Israel (2021) 467,875 Tel Aviv
65%
Serbia (2022) 1,197,714 Belgrade
64%
India (2011) 8,653,521 Chennai
64%
Senegal (2023) 3,186,088 Dakar
64%
Malaysia (2020) 8,087,775 Kuala Lumpur
64%
Pakistan (2023) 13,004,135 Lahore
64%
North Korea (2008) 2,521,785 Pyongyang
64%
Italy (2024) 846,926 Turin
64%
Azerbaijan (2019) 1,291,000 Baku
63%
Sweden (2023) 725,729 Gothenburg
63%
Japan (2020) 1,463,723 Kyoto
63%
USA (2023) 1,650,070 Phoenix
63%
Mauritius (2022) 107,433 Phoenix
63%
USA (2023) 1,388,320 San Diego
63%
Dominican Republic (2022) 143,726 San Francisco de Macoris
63%
Estonia (2021) 437,817 Tallinn
63%
China (2020) 10,494,879 Wuhan
63%
Germany (2022) 611,258 Düsseldorf
62%
Sweden (2023) 339,316 Malmo
62%
Australia (2023) 5,103,528 Melbourne
62%
Morocco (2024) 515,619 Rabat
62%
Costa Rica (2020) 1,453,500 San José
62%
China (2020) 17,444,609 Shenzhen
62%
South Korea (2020) 3,349,016 Busan
61%
Kosovo (2011) 145,149 Pristina
61%
Qatar (2020) 872,048 Doha
61%
Italy (2024) 363,837 Florence
61%
Poland (2023) 487,371 Gdańsk
61%
Sudan (2008) 1,410,858 Khartoum
61%
Angola (2014) 6,759,313 Luanda
61%
Chad (2009) 951,418 Ndjamena
61%
Italy (2024) 628,894 Palermo
61%
Australia (2023) 2,289,366 Perth
61%
Cambodia (2019) 2,189,460 Phnom Penh
61%
Singapore (2024) 6,036,860 Singapore
61%
North Macedonia (2021) 422,540 Skopje
61%
Uzbekistan (2023) 2,956,384 Tashkent
61%
Netherlands (2021) 851,010 The Hague
61%
Greece (2021) 802,392 Thessaloníki
61%
Lithuania (2024) 592,156 Vilnius
61%
Switzerland (2023) 433,989 Zürich
61%
India (2011) 6,357,693 Ahmedabad
60%
Jordan (2015) 1,812,059 Amman
60%
Brazil (2024) 2,416,339 Belo Horizonte
60%
Romania (2021) 1,716,961 Bucharest
60%
Venezuela (2019) 2,087,700 Caracas
60%
Panama (2023) 1,132,969 Panama City
60%
Malaysia (2020) 845,003 Ipoh
60%
Nepal (2011) 862,400 Kathmandu
60%
Poland (2023) 806,201 Kraków
60%
Saudi Arabia (2022) 2,385,509 Mecca
60%
Haiti (2009) 875,978 Port-au-Prince
60%
Taiwan (2020) 2,594,581 Taipei
60%
Switzerland (2023) 206,635 Geneva
59%
Uganda (2020) 1,680,600 Kampala
59%
Sudan (2008) 1,012,211 Khartoum North
59%
Australia (2023) 526,515 Newcastle
59%
Cyprus (2021) 56,479 Nicosia
59%
Ukraine (2022) 1,010,537 Odessa
59%
El Salvador (2024) 334,416 San Salvador
59%
Germany (2022) 610,458 Stuttgart
59%
Ghana (2010) 2,070,463 Accra
58%
Republic of the Congo (2023) 2,138,236 Brazzaville
58%
Tanzania (2022) 765,179 Dodoma
58%
Morocco (2024) 1,014,813 Marrakech
58%
Mexico (2020) 1,142,952 Monterrey
58%
Ireland (2022) 26,306 Naas
58%
China (2020) 9,392,938 Xi'an
58%
Croatia (2021) 663,592 Zagreb
58%
New Zealand (2022) 1,440,300 Auckland
57%
Canada (2021) 1,305,550 Calgary
57%
Djibouti (2024) 776,966 Djibouti
57%
Iceland (2024) 239,733 Reykjavík
57%
Ecuador (2022) 334,826 Santo Domingo
57%
Dominican Republic (2022) 2,752,784 Santo Domingo
57%
New Zealand (2022) 212,000 Wellington
57%
Slovakia (2023) 478,040 Bratislava
56%
Australia (2023) 503,402 Canberra
56%
Syria (2004) 1,414,913 Damascus
56%
Rwanda (2022) 1,517,168 Kigali
56%
Maldives (2022) 137,238 Malé
56%
Jamaica (2011) 182,153 Portmore
56%
Canada (2021) 733,156 Québec
56%
USA (2023) 1,495,295 San Antonio
56%
Libya (2006) 1,063,571 Tripoli
56%
Lebanon (2017) 450,000 Tripoli
56%
Namibia (2023) 486,186 Windhoek
56%
Lebanon (2017) 1,650,000 Beirut
55%
Italy (2024) 390,518 Bologna
55%
France (2022) 265,328 Bordeaux
55%
China (2020) 9,580,819 Chongqing
55%
Timor Leste (2022) 267,623 Dili
55%
Malaysia (2020) 1,610,378 George Town
55%
Guyana (2012) 118,369 Georgetown
55%
Bahamas (2010) 1,437 George Town
55%
Zimbabwe (2022) 1,491,754 Harare
55%
South Sudan (2008) 230,195 Juba
55%
France (2022) 238,695 Lille
55%
Bahrain (2001) 143,035 Manama
55%
Papua New Guinea (2011) 364,125 Port Moresby
55%
Kuwait (2018) 406,596 South Kuwait City
55%
Turkey (2022) 1,322,766 Antalya
54%
Paraguay (2022) 462,241 Asunción
54%
Kyrgyzstan (2022) 1,103,562 Bishkek
54%
South Africa (2011) 464,591 Bloemfontein
54%
South Sudan (2008) 25,188 Bor
54%
Australia (2023) 2,622,585 Brisbane
54%
China (2020) 13,568,357 Chengdu
54%
Guinea (2014) 1,660,973 Conakry
54%
Argentina (2019) 1,612,100 Córdoba
54%
Germany (2022) 598,246 Dortmund
54%
Tajikistan (2022) 1,201,800 Dushanbe
54%
Canada (2021) 1,151,635 Edmonton
54%
Belgium (2024) 269,597 Ghent
54%
Turkey (2022) 2,948,160 Izmir
54%
Gabon (2013) 703,940 Libreville
54%
Poland (2023) 652,015 Lodz
54%
Spain (2024) 592,346 Málaga
54%
Colombia (2023) 2,553,600 Medellín
54%
Montenegro (2023) 173,024 Podgorica
54%
Brazil (2024) 2,568,928 Salvador
54%
Austria (2024) 157,399 Salzburg
54%
Japan (2020) 1,973,395 Sapporo
54%
Honduras (2023) 1,132,000 Tegucigalpa
54%
France (2022) 511,684 Toulouse
54%
Armenia (2022) 1,086,677 Yerevan
54%
Australia (2023) 1,426,803 Adelaide
53%
Colombia (2023) 546,900 Bello
53%
Guinea Bissau (2009) 387,909 Bissau
53%
San Marino (2023) 4,107 Città di San Marino
53%
Botswana (2022) 246,325 Gaborone
53%
Italy (2024) 561,947 Genoa
53%
Ukraine (2022) 717,273 Lviv
53%
Japan (2020) 2,332,176 Nagoya
53%
Suriname (2012) 240,924 Paramaribo
53%
Antigua and Barbuda (2001) 1,491 Parham
53%
Bolivia (2012) 238,798 Sucre
53%
Madagascar (2018) 1,274,225 Antananarivo
52%
Turkmenistan (2022) 1,030,063 Ashgabat
52%
Germany (2022) 575,071 Bremen
52%
Sierra Leone (2015) 1,055,964 Freetown
52%
Germany (2022) 598,899 Leipzig
52%
Laos (2015) 620,157 Vientiane
52%
Kazakhstan (2023) 1,354,507 Astana
51%
Sri Lanka (2012) 561,314 Colombo
51%
South Africa (2011) 2,786,046 Durban
51%
Brazil (2024) 2,257,580 Manaus
51%
Mozambique (2017) 1,080,277 Maputo
51%
Oman (2020) 83,763 Sura
51%
Russia (2021) 1,544,376 Yekaterinburg
51%
Norway (2024) 291,940 Bergen
50%
Ireland (2022) 131,423 Cork
50%
Saudi Arabia (2022) 3,712,917 Jeddah
50%
Russia (2021) 1,308,660 Kazan
50%
Ukraine (2022) 1,421,125 Kharkiv
50%
Myanmar (2014) 333,506 Naypyidaw
50%
Spain (2024) 686,741 Sevilla
50%
Bhutan (2017) 114,551 Thimphu
50%
Seychelles (2022) 29,664 Victoria
50%
Cameroon (2005) 1,817,524 Yaoundé
50%
Andorra (2023) 20,719 Andorra la Vella
49%
Brunei (2021) 266,682 Bandar Seri Begawan
49%
Ecuador (2022) 2,650,288 Guayaquil
49%
Nigeria (1991) 2,166,554 Kano
49%
Togo (2022) 2,188,376 Lome
49%
Nicaragua (2023) 1,055,111 Managua
49%
France (2022) 325,070 Nantes
49%
Bahamas (2010) 246,329 Nassau
49%
Russia (2021) 1,226,076 Nizhny Novgorod
49%
Trinidad and Tobago (2011) 37,074 Port of Spain
49%
Benin (2013) 264,320 Porto-Novo
49%
Cape Verde (2021) 11,138 Porto Novo
49%
UK (2021) 500,552 Sheffield
49%
Vatican City (2019) 453 Vatican City
49%
Spain (2024) 691,037 Zaragoza
49%
Mali (2009) 1,810,366 Bamako
48%
Ukraine (2022) 901,645 Donetsk
48%
China (2020) 11,052,404 Tianjin
48%
Mongolia (2021) 1,466,431 Ulaanbaatar
48%
Gambia (2013) 31,054 Banjul
47%
Italy (2024) 316,212 Bari
47%
Czechia (2021) 398,510 Brno
47%
Bangladesh (2022) 3,230,507 Chittagong
47%
Netherlands (2021) 320,365 Eindhoven
47%
Morocco (2024) 1,182,963 Fes
47%
Austria (2024) 302,749 Graz
47%
Sao Tome (2012) 66,888 São Tomé
47%
Mexico (2020) 1,810,645 Tijuana
47%
Ivory Coast (2014) 4,395,243 Abidjan
46%
Switzerland (2023) 176,329 Basel
46%
Belize (2022) 20,754 Belmopan
46%
UK (2021) 425,232 Bristol
46%
Colombia (2023) 2,234,400 Cali
46%
Philippines (2020) 2,565,158 Cebu
46%
Ukraine (2022) 968,502 Dnipro
46%
Brazil (2024) 2,574,412 Fortaleza
46%
Burundi (2008) 41,944 Gitega
46%
Austria (2024) 132,188 Innsbruck
46%
Zambia (2022) 2,212,301 Lusaka
46%
Lesotho (2016) 343,541 Maseru
46%
Niger (2012) 978,029 Niamey
46%
Russia (2021) 1,633,595 Novosibirsk
46%
Brazil (2024) 1,587,707 Recife
46%
Indonesia (2010) 2,765,487 Surabaya
46%
Fiji (2017) 185,913 Suva
46%
Georgia (2020) 1,154,314 Tbilisi
46%
Netherlands (2021) 396,315 Utrecht
46%
Myanmar (2014) 4,814,589 Yangon
46%
Central African Republic (2021) 812,407 Bangui
45%
Japan (2020) 1,612,392 Fukuoka
45%
Austria (2024) 211,944 Linz
45%
Russia (2021) 1,173,299 Samara
45%
Liechtenstein (2021) 5,747 Vaduz
45%
Malawi (2018) 989,318 Lilongwe
44%
Eswatini (2017) 60,691 Mbabane
44%
Liberia (2008) 1,021,762 Monrovia
44%
Mauritius (2022) 140,403 Port-Louis
44%
Yemen (2004) 588,938 Aden
43%
Belgium (2024) 119,869 Bruges
43%
India (2011) 3,046,163 Jaipur
43%
Japan (2020) 1,525,152 Kobe
43%
Saudi Arabia (2022) 1,411,599 Medina
43%
South Africa (2011) 876,436 Port Elizabeth
43%
Croatia (2021) 149,830 Split
43%
France (2022) 291,709 Strasbourg
43%
Morocco (2024) 1,275,428 Tangier
43%
Russia (2021) 1,144,809 Ufa
43%
Poland (2023) 673,743 Wroclaw
43%
Kazakhstan (2023) 2,161,797 Almaty
42%
Nigeria (1991) 762,719 Benin City
42%
USA (2023) 985,843 Jacksonville
42%
Cape Verde (2021) 137,868 Praia
42%
India (2011) 5,057,709 Pune
42%
Antigua and Barbuda (2001) 24,451 Saint John's
42%
Denmark (2024) 295,688 Aarhus
41%
Turkey (2022) 2,051,464 Bursa
41%
Mauritania (2013) 958,399 Nouakchott
41%
Burkina Faso (2019) 2,415,266 Ouagadougou
41%
Bolivia (2012) 1,442,396 Santa Cruz
41%
Japan (2020) 3,777,491 Yokohama
41%
Bahrain (2001) 47,529 A’ali
40%
Syria (2004) 2,132,100 Aleppo
40%
Eritrea (1997) 380,568 Asmara
40%
Belize (2022) 63,999 Belize
40%
Belarus (2023) 342,461 Brest
40%
Egypt (2023) 4,458,135 Giza
40%
Kenya (2019) 1,208,333 Mombasa
40%
Sweden (2023) 178,098 Uppsala
40%
Canada (2021) 758,515 Winnipeg
40%
Barbados (2000) 5,996 Bridgetown
39%
Italy (2024) 298,209 Catania
39%
New Zealand (2022) 377,900 Christchurch
39%
Iran (2016) 1,961,260 Isfahan
39%
Lithuania (2024) 304,210 Kaunas
39%
Belgium (2024) 195,778 Liege
39%
Equatorial Guinea (2001) 132,440 Malabo
39%
Mongolia (2021) 42,423 Mörön
39%
Comoros (2017) 74,749 Moroni
39%
Algeria (2008) 803,329 Oran
39%
Spain (2024) 438,234 Palma
39%
Poland (2023) 538,439 Poznań
39%
Mexico (2020) 1,542,232 Puebla
39%
Finland (2023) 255,050 Tampere
39%
Norway (2024) 214,565 Trondheim
39%
Ivory Coast (2014) 212,670 Yamoussoukro
39%
Greece (2021) 162,600 Heraklion
38%
Argentina (2019) 1,339,500 Rosario
38%
Nigeria (1991) 1,835,300 Ibadan
37%
Switzerland (2023) 144,160 Lausanne
37%
Indonesia (2010) 2,097,610 Medan
37%
France (2022) 307,101 Montpellier
37%
Finland (2023) 201,863 Turku
37%
Indonesia (2010) 2,394,873 Bandung
36%
Russia (2021) 1,189,525 Chelyabinsk
36%
Brazil (2024) 1,829,225 Curitiba
36%
Vietnam (2019) 988,561 Da Nang
36%
Israel (2021) 282,832 Haifa
36%
India (2011) 4,591,246 Sūrat
36%
Tanzania (2022) 709,809 Zanzibar
36%
Samoa (2021) 35,974 Apia
35%
Colombia (2023) 1,322,900 Barranquilla
35%
Burundi (2008) 497,166 Bujumbura
35%
Belgium (2024) 204,322 Charleroi
35%
Benin (2013) 679,012 Cotonou
35%
Australia (2023) 735,213 Gold Coast
35%
Solomon Islands (2019) 130,176 Honiara
35%
Mexico (2020) 1,579,803 León
35%
Nicaragua (2023) 177,270 León
35%
DRC (2004) 1,283,380 Lubumbashi
35%
Bulgaria (2023) 325,485 Plovdiv
35%
Vanuatu (2020) 49,528 Port Vila
35%
Senegal (2023) 254,171 Saint-Louis
35%
Moldova (2014) 133,807 Tiraspol
35%
Denmark (2024) 120,700 Aalborg
34%
Spain (2024) 358,608 Alicante
34%
Mexico (2020) 1,501,551 Ciudad Juárez
34%
Philippines (2020) 1,579,381 Davao
34%
Albania (2011) 113,249 Durrës
34%
Ireland (2022) 84,414 Galway
34%
Spain (2024) 471,982 Murcia
34%
Norway (2024) 149,048 Stavanger
34%
Thailand (2019) 127,240 Chiang Mai
33%
Romania (2021) 286,598 Cluj-Napoca
33%
Nicaragua (2023) 106,719 Granada
33%
Netherlands (2021) 218,105 Groningen
33%
Serbia (2022) 260,438 Novi Sad
33%
Nigeria (1991) 703,421 Port Harcourt
33%
Sri Lanka (2012) 107,925 Sri Jayawardenepura Kotte
33%
Bulgaria (2023) 314,607 Varna
33%
Bosnia and Herzegovina (2013) 135,059 Banja Luka
32%
Libya (2006) 618,325 Benghazi
32%
Colombia (2023) 931,500 Cartagena
32%
South Korea (2020) 2,410,700 Daegu
32%
Hungary (2022) 199,858 Debrecen
32%
Cameroon (2005) 1,906,962 Douala
32%
Turkey (2022) 1,365,287 Konya
32%
UK (2021) 406,588 Leicester
32%
Myanmar (2014) 1,225,546 Mandalay
32%
Iran (2016) 3,001,184 Mashhad
32%
Iraq (2018) 1,361,819 Mosul
32%
Dominica (2011) 14,725 Roseau
32%
Grenada (2019) 3,308 St. George's
32%
Micronesia (2010) 4,579 Tol
32%
Iraq (2018) 1,340,827 Basra
31%
Portugal (2021) 146,543 Braga
31%
Bulgaria (2023) 188,114 Burgas
31%
Ireland (2022) 62,702 Limerick
31%
Malta (2023) 25,152 Mosta
31%
Bosnia and Herzegovina (2013) 60,195 Mostar
31%
Serbia (2022) 178,976 Niš
31%
Denmark (2024) 183,763 Odense
31%
Czechia (2021) 282,450 Ostrava
31%
Poland (2023) 389,066 Szczecin
31%
Afghanistan (2020) 523,300 Kandahar
30%
Cyprus (2021) 107,970 Limassol
30%
Poland (2023) 329,565 Lublin
30%
Tonga (2021) 21,185 Nuku'alofa
30%
Czechia (2021) 174,007 Plzen
30%
Egypt (2023) 791,749 Port Said
30%
Argentina (2019) 512,000 San Juan
30%
Trinidad and Tobago (2011) 15,772 San Juan
30%
Guatemala (2018) 155,965 San Juan Sacatepéquez
30%
Iran (2016) 1,565,572 Shiraz
30%
Turkey (2022) 1,779,463 Adana
29%
Peru (2022) 492,400 Cusco
29%
Turkey (2022) 1,680,723 Gaziantep
29%
South Korea (2020) 2,945,454 Incheon
29%
Spain (2024) 383,516 Las Palmas
29%
Venezuela (2019) 2,262,600 Maracaibo
29%
Slovenia (2022) 96,302 Maribor
29%
Kyrgyzstan (2022) 315,881 Osh
29%
Sudan (2008) 394,561 Port Sudan
29%
Uzbekistan (2023) 572,835 Samarkand
29%
Tunisia (2023) 286,636 Sfax
29%
Iran (2016) 1,558,693 Tabriz
29%
Estonia (2021) 95,190 Tartu
29%
Nauru (2021) 803 Yaren
29%
Peru (2022) 1,125,400 Arequipa
28%
Moldova (2014) 97,930 Balti
28%
St Kitts and Nevis (2011) 11,400 Basseterre
28%
Finland (2023) 314,024 Espoo
28%
Ghana (2010) 2,035,064 Kumasi
28%
Morocco (2024) 504,768 Agadir
27%
Switzerland (2023) 55,932 Biel
27%
Iraq (2018) 879,071 Erbil
27%
Pakistan (2023) 3,691,999 Faisalabad
27%
Lithuania (2024) 159,403 Klaipėda
27%
Slovakia (2023) 225,044 Košice
27%
Micronesia (2010) 6,647 Palikir
27%
Greece (2021) 196,937 Patras
27%
Saudi Arabia (2022) 1,386,166 Dammam
26%
Indonesia (2010) 1,331,391 Makassar
26%
Argentina (2019) 1,053,500 Mendoza
26%
Timor Leste (2022) 15,240 Pante Macassar
26%
Iran (2016) 1,201,158 Qom
26%
Ivory Coast (2014) 164,944 San-Pédro
26%
Belize (2022) 15,456 San Pedro
26%
Dominican Republic (2022) 207,378 San Pedro de Macoris
26%
South Korea (2020) 1,477,573 Gwangju
25%
Monaco (2016) 8,259 Monte-Carlo
25%
Finland (2023) 214,633 Oulu
25%
Pakistan (2023) 3,357,612 Rawalpindi
25%
Croatia (2021) 107,964 Rijeka
25%
Egypt (2023) 716,458 Suez
25%
Belarus (2023) 501,802 Gomel
24%
Vietnam (2019) 351,456 Hue
24%
Croatia (2021) 67,309 Zadar
24%
Chile (2017) 352,638 Antofagasta
23%
Poland (2023) 326,434 Bydgoszcz
23%
Bolivia (2012) 632,013 Cochabamba
23%
Algeria (2008) 448,028 Constantine
23%
Latvia (2021) 81,074 Daugavpils
23%
Canada (2021) 729,560 Hamilton
23%
New Zealand (2022) 179,900 Hamilton
23%
UAE (2015) 1,274,749 Sharjah
23%
Chile (2017) 901,468 Valparaíso
23%
Portugal (2021) 106,655 Coimbra
22%
Sweden (2023) 104,211 Jonkoping
22%
Ukraine (2022) 425,681 Mariupol
22%
Pakistan (2023) 1,905,975 Peshawar
22%
Cambodia (2019) 225,607 Siem Reap
22%
Romania (2021) 250,849 Timișoara
22%
Brazil (2024) 1,492,330 Goiânia
21%
Somalia (2014) 741,000 Hargeisa
21%
Kosovo (2011) 48,962 Pejë
21%
Pakistan (2023) 1,565,546 Quetta
21%
Equatorial Guinea (2001) 132,235 Bata
20%
Romania (2021) 263,688 Constanța
20%
Bolivia (2012) 846,880 El Alto
20%
Botswana (2022) 103,417 Francistown
20%
Sweden (2023) 120,109 Linkoping
20%
DRC (2004) 1,213,726 Mbuji-Mayi
20%
Jamaica (2011) 110,115 Montego Bay
20%
Hungary (2022) 139,330 Pecs
20%
Republic of the Congo (2023) 1,398,812 Pointe-Noire
20%
Argentina (2019) 540,200 Santa Fe
20%
Albania (2011) 76,000 Shkodër
20%
Tunisia (2023) 250,540 Sousse
20%
Taiwan (2020) 4,365,947 Xinbei
20%
Poland (2023) 291,688 Białystok
19%
Chile (2017) 722,929 Concepcion
19%
South Korea (2020) 1,488,435 Daejeon
19%
Netherlands (2021) 208,270 Haarlem
19%
Austria (2024) 104,866 Klagenfurt
19%
Papua New Guinea (2011) 148,934 Lae
19%
Estonia (2021) 53,955 Narva
19%
Sudan (2008) 1,849,659 Omdurman
19%
El Salvador (2024) 152,900 San Miguel
19%
Argentina (2019) 902,200 San Miguel de Tucuman
19%
Honduras (2023) 701,200 San Pedro Sula
19%
Indonesia (2010) 1,520,481 Semarang
19%
Senegal (2023) 1,120,824 Touba
19%
Belgium (2024) 126,581 Anderlecht
18%
Ethiopia (2022) 422,200 Awasa
18%
Georgia (2020) 169,095 Batumi
18%
Romania (2021) 237,589 Brașov
18%
China (2020) 9,644,871 Dongguan
18%
Hungary (2022) 127,599 Gyor
18%
Sweden (2023) 116,029 Helsingborg
18%
Afghanistan (2020) 574,300 Herat
18%
Romania (2021) 271,692 Iași
18%
Malaysia (2020) 1,994,365 Johor Bahru
18%
Taiwan (2020) 2,734,275 Kaohsiung
18%
Norway (2024) 116,986 Kristiansand
18%
Greece (2021) 146,374 Larissa
18%
Cyprus (2021) 52,046 Larnaca
18%
Switzerland (2023) 63,495 Lugano
18%
Switzerland (2023) 85,534 Luzern
18%
Belgium (2024) 114,142 Namur
18%
Sweden (2023) 129,116 Orebro
18%
Indonesia (2010) 1,440,678 Palembang
18%
Kosovo (2011) 85,119 Prizren
18%
Japan (2020) 1,324,025 Saitama
18%
Peru (2022) 1,025,100 Trujillo
18%
Albania (2011) 79,513 Vlorë
18%
Namibia (2023) 102,704 Walvis Bay
18%
Ireland (2022) 54,313 Waterford
18%
Ukraine (2022) 710,052 Zaporizhia
18%
New Zealand (2022) 102,400 Dunedin
17%
Syria (2004) 652,609 Homs
17%
Belarus (2023) 358,717 Hrodna
17%
Belgium (2024) 104,009 Leuven
17%
Czechia (2021) 106,063 Olomouc
17%
Australia (2023) 407,859 Sunshine Coast
17%
Hungary (2022) 158,797 Szeged
17%
Taiwan (2020) 3,033,840 Taichung
17%
Norway (2024) 104,487 Drammen
16%
Portugal (2021) 105,590 Funchal
16%
Peru (2022) 430,700 Iquitos
16%
Iraq (2018) 972,272 Kirkuk
16%
Sweden (2023) 98,308 Lund
16%
Croatia (2021) 52,220 Pula
16%
Argentina (2019) 644,400 Salta
16%
UAE (2015) 496,205 Al Ain
15%
Angola (2014) 555,124 Benguela
15%
Colombia (2023) 605,000 Bucaramanga
15%
Guinea Bissau (2009) 9,010 Bula
15%
Zimbabwe (2022) 665,952 Bulawayo
15%
Slovenia (2022) 37,122 Celje
15%
Japan (2020) 1,538,262 Kawasaki
15%
Laos (2015) 66,781 Luangprabang
15%
Pakistan (2023) 2,215,381 Multan
15%
Tanzania (2022) 1,104,521 Mwanza
15%
North Macedonia (2021) 38,818 Ohrid
15%
Cyprus (2021) 37,991 Paphos
15%
UAE (2015) 263,000 Ras al-Khaimah
15%
Switzerland (2023) 78,213 St. Gallen
15%
Bangladesh (2022) 532,839 Sylhet
15%
Turkmenistan (2022) 230,861 Türkmenabat
15%
South Korea (2020) 1,135,423 Ulsan
15%
Sweden (2023) 131,643 Vasteras
15%
Belarus (2023) 359,148 Viciebsk
15%
Philippines (2020) 1,598,955 Angeles
14%
Venezuela (2019) 1,089,100 Barquisimeto
14%
Turkey (2022) 1,087,786 Diyarbakır
14%
Azerbaijan (2019) 299,100 Ganja
14%
Pakistan (2023) 2,511,118 Gujranwala
14%
Vietnam (2019) 841,520 Hai Phong
14%
Syria (2004) 312,994 Hamah
14%
Nigeria (1991) 993,642 Kaduna
14%
DRC (2004) 720,362 Kananga
14%
Venezuela (2019) 464,700 Maracay
14%
Croatia (2021) 75,535 Osijek
14%
Finland (2023) 247,443 Vantaa
14%
Angola (2014) 550,000 Cabinda
13%
Paraguay (2022) 325,819 Ciudad del Este
13%
Romania (2021) 234,140 Craiova
13%
Ecuador (2022) 361,524 Cuenca
13%
Mexico (2020) 1,643,623 Ecatepec
13%
Albania (2011) 78,703 Elbasan
13%
Cuba (2022) 213,375 Guantanamo
13%
Afghanistan (2020) 271,900 Jalalabad
13%
Kyrgyzstan (2022) 117,533 Jalal-Abad
13%
Sri Lanka (2012) 98,828 Kandy
13%
Bangladesh (2022) 719,557 Khulna
13%
DRC (2004) 682,599 Kisangani
13%
Nigeria (1991) 618,278 Maiduguri
13%
Turkey (2022) 1,040,507 Mersin
13%
Estonia (2021) 40,228 Pärnu
13%
Guatemala (2018) 180,706 Quetzaltenango
13%
Bulgaria (2023) 122,116 Ruse
13%
El Salvador (2024) 201,900 Santa Ana
13%
Portugal (2021) 98,470 Setubal
13%
Kazakhstan (2023) 1,192,120 Shymkent
13%
Netherlands (2021) 218,130 Tilburg
13%
Iran (2016) 1,184,788 Ahvaz
12%
Tanzania (2022) 617,631 Arusha
12%
Malawi (2018) 800,264 Blantyre
12%
Ethiopia (2022) 343,000 Dire Dawa
12%
Andorra (2023) 2,156 El Pas de la Casa
12%
Denmark (2024) 71,505 Esbjerg
12%
Peru (2022) 450,900 Huancayo
12%
Nigeria (1991) 510,300 Jos
12%
Iceland (2024) 21,847 Keflavík og Njarðvík
12%
Canada (2021) 522,888 Kitchener
12%
Slovenia (2022) 37,605 Kranj
12%
Ukraine (2022) 603,904 Kryvyi Rih
12%
Czechia (2021) 104,340 Liberec
12%
Turkmenistan (2022) 167,027 Mary
12%
Ukraine (2022) 470,011 Mykolaiv
12%
Uruguay (2023) 114,084 Salto
12%
Senegal (2023) 391,253 Thies
12%
Niger (2012) 110,497 Agadez
11%
Iceland (2024) 19,847 Akureyri
11%
Israel (2021) 211,251 Beersheba
11%
Indonesia (2010) 2,334,871 Bekasi
11%
Burkina Faso (2019) 904,920 Bobo-Dioulasso
11%
Montenegro (2023) 20,168 Budva
11%
Greece (2021) 90,185 Chania
11%
El Salvador (2024) 114,300 Colón
11%
Panama (2023) 159,157 Colón
11%
Colombia (2023) 777,400 Cúcuta
11%
Luxembourg (2024) 37,455 Esch-sur-Alzette
11%
North Korea (2008) 703,610 Hamhung
11%
Angola (2014) 595,304 Huambo
11%
Kazakhstan (2023) 515,632 Karaganda
11%
Iran (2016) 946,651 Kermanshah
11%
Palau (2020) 9,564 Koror
11%
Serbia (2022) 146,315 Kragujevac
11%
Argentina (2019) 852,800 La Plata
11%
Solomon Islands (2019) 1,806 Lata
11%
Netherlands (2021) 273,720 Leiden
11%
Belarus (2023) 353,338 Mahilou
11%
Afghanistan (2020) 484,500 Mazar-e Sharīf
11%
Sudan (2008) 492,984 Nyala
11%
Gabon (2013) 136,462 Port-Gentil
11%
Morocco (2024) 945,101 Sale
11%
Cape Verde (2021) 8,400 Santa Maria
11%
Cambodia (2019) 71,082 Sihanoukville
11%
Serbia (2022) 88,752 Subotica
11%
Taiwan (2020) 1,875,076 Tainan
11%
Bosnia and Herzegovina (2013) 74,457 Tuzla
11%
Portugal (2021) 188,421 Vila Nova de Gaia
11%
Austria (2024) 65,600 Villach
11%
South Sudan (2008) 118,331 Wau
11%
Switzerland (2023) 119,315 Winterthur
11%
Bosnia and Herzegovina (2013) 70,553 Zenica
11%
Qatar (2020) 91,585 Al Khor
10%
Myanmar (2014) 254,424 Bago
10%
Uzbekistan (2023) 266,600 Bukhara
10%
Peru (2022) 663,200 Chiclayo
10%
Panama (2023) 103,915 David
10%
Indonesia (2010) 1,738,570 Depok
10%
Slovenia (2022) 25,913 Koper
10%
Syria (2004) 383,786 Latakia
10%
Argentina (2019) 626,300 Mar del Plata
10%
Chad (2009) 49,461 Pala
10%
Bolivia (2012) 176,022 Potosí
10%
San Marino (2023) 11,180 Serravalle
10%
Namibia (2023) 75,921 Swakopmund
10%
Ghana (2010) 371,351 Tamale
10%
Indonesia (2010) 1,798,601 Tangerang
10%
Kazakhstan (2023) 559,911 Aktobe
9%
Israel (2021) 225,975 Ashdod
9%
Cambodia (2019) 151,827 Battambang
9%
Malta (2023) 28,841 Birkirkara
9%
North Macedonia (2021) 69,287 Bitola
9%
Czechia (2021) 95,664 Budweis
9%
Philippines (2020) 827,697 Cagayan de Oro
9%
Vietnam (2019) 812,088 Can Tho
9%
Ecuador (2022) 295,211 Durán
9%
Egypt (2023) 632,330 El Mansoura
9%
Mali (2009) 86,353 Gao
9%
Nigeria (1991) 532,089 Ilorin
9%
Jordan (2015) 502,714 Irbid
9%
Finland (2023) 147,746 Jyväskylä
9%
Papua New Guinea (2011) 22,923 Kimbe
9%
Malaysia (2020) 558,113 Kuching
9%
Morocco (2024) 556,512 Meknès
9%
Malaysia (2020) 597,135 Melaka
9%
Montenegro (2023) 54,394 Nikšić
9%
Mauritania (2013) 118,167 Nouadhibou
9%
Bolivia (2012) 264,943 Oruro
9%
Morocco (2024) 506,224 Oujda
9%
Nepal (2011) 513,504 Pokhara
9%
Slovakia (2023) 82,286 Prešov
9%
Syria (2004) 220,488 Rakka
9%
Oman (2020) 293,962 Salalah
9%
Laos (2015) 91,684 Savannakhet
9%
Lithuania (2024) 110,463 Šiauliai
9%
Jamaica (2011) 147,152 Spanish Town
9%
North Macedonia (2021) 63,176 Tetovo
9%
Slovakia (2023) 62,955 Trnava
9%
Lebanon (2017) 125,000 Tyre
9%
Austria (2024) 65,287 Wels
9%
Portugal (2021) 171,454 Amadora
8%
Mozambique (2017) 592,090 Beira
8%
Albania (2011) 36,496 Berat
8%
DRC (2004) 471,789 Bukavu
8%
Cuba (2022) 310,819 Camaguey
8%
Australia (2023) 348,435 Central Coast
8%
Venezuela (2019) 893,400 Ciudad Guayana
8%
Gabon (2013) 110,568 Franceville
8%
Bahamas (2010) 28,000 Freeport
8%
Armenia (2022) 112,301 Gyumri
8%
Latvia (2021) 68,200 Liepāja
8%
Equatorial Guinea (2001) 9,011 Luba
8%
Botswana (2022) 85,350 Maun
8%
Hungary (2022) 147,533 Miskolc
8%
Israel (2021) 224,066 Netanya
8%
Slovenia (2022) 23,984 Novo Mesto
8%
Republic of the Congo (2023) 63,598 Oyo
8%
Laos (2015) 68,093 Pakse
8%
Belarus (2023) 124,613 Pinsk
8%
Peru (2022) 547,100 Piura
8%
Dominica (2011) 4,167 Portsmouth
8%
Bangladesh (2022) 708,570 Rangpur
8%
Dominican Republic (2022) 167,466 San Cristóbal
8%
Trinidad and Tobago (2011) 48,838 San Fernando
8%
Cuba (2022) 217,907 Santa Clara
8%
Bulgaria (2023) 121,207 Stara Zagora
8%
Malta (2023) 38,615 St Paul’s Bay
8%
Nigeria (1991) 612,257 Zaria
8%
UAE (2015) 450,000 Ajman
7%
Algeria (2008) 342,703 Annaba
7%
Tunisia (2023) 154,300 Bizerte
7%
Haiti (2009) 155,505 Cap-Haïtien
7%
Haiti (2009) 430,250 Carrefour
7%
Netherlands (2021) 224,440 Dordrecht
7%
Ireland (2022) 30,900 Drogheda
7%
Uzbekistan (2023) 314,449 Fergana
7%
UAE (2015) 92,201 Fujairah
7%
Philippines (2020) 646,172 General Santos
7%
Greece (2021) 88,226 Ioannina
7%
Chile (2017) 294,949 Iquique
7%
Latvia (2021) 49,861 Jūrmala
7%
Iran (2016) 1,592,492 Karaj
7%
Jordan (2015) 251,000 Khilda - Umm Essommaq
7%
North Macedonia (2021) 75,051 Kumanovo
7%
Finland (2023) 124,021 Kuopio
7%
Georgia (2020) 135,201 Kutaisi
7%
Kosovo (2011) 46,230 Mitrovicë
7%
Guyana (2012) 15,373 New Amsterdam
7%
Romania (2021) 180,540 Ploiești
7%
Denmark (2024) 64,158 Randers
7%
Denmark (2024) 52,974 Roskilde
7%
Turkmenistan (2022) 91,745 Turkmenbashy
7%
Latvia (2021) 33,442 Ventspils
7%
Chile (2017) 204,078 Arica
6%
Belarus (2023) 208,611 Babrujsk
6%
Somalia (2014) 374,000 Berbera
6%
Central African Republic (2021) 348,802 Bimbo
6%
Montenegro (2023) 12,460 Cetinje
6%
North Korea (2008) 614,892 Chongjin
6%
Luxembourg (2024) 22,043 Dudelange
6%
Andorra (2023) 8,326 Encamp
6%
Mongolia (2021) 102,141 Ėrdėnėt
6%
Romania (2021) 217,851 Galați
6%
Ethiopia (2022) 466,000 Gondar
6%
Latvia (2021) 55,953 Jelgava
6%
Tunisia (2023) 153,900 Kairouan
6%
Malaysia (2020) 686,604 Kota Kinabalu
6%
Costa Rica (2020) 59,100 Liberia
6%
Bangladesh (2022) 577,000 Mymensingh
6%
Mozambique (2017) 663,212 Nampula
6%
Slovakia (2023) 76,499 Nitra
6%
Uzbekistan (2023) 334,557 Nukus
6%
New Zealand (2022) 81,200 Palmerston North
6%
South Africa (2011) 475,238 Pietermaritzburg
6%
Ghana (2010) 228,342 Sekondi
6%
Lebanon (2017) 250,000 Sidon
6%
South Korea (2020) 1,210,150 Suwon
6%
Taiwan (2020) 2,441,064 Taoyuan
6%
Czechia (2021) 89,713 Usti nad Labem
6%
Mexico (2020) 1,257,547 Zapopan
6%
Jordan (2015) 635,160 Zarqa
6%
Ethiopia (2022) 456,900 Adama
5%
Philippines (2020) 659,455 Bacolod
5%
Slovakia (2023) 74,065 Banská Bystrica
5%
Bosnia and Herzegovina (2013) 39,690 Bihać
5%
Ivory Coast (2014) 536,719 Bouaké
5%
Bosnia and Herzegovina (2013) 39,893 Brčko
5%
Peru (2022) 395,100 Chimbote
5%
St Lucia (2022) 1,576 Corinth
5%
Luxembourg (2024) 30,364 Differdange
5%
Ireland (2022) 35,450 Dundalk
5%
Kenya (2019) 475,716 Eldoret
5%
Norway (2024) 85,230 Fredrikstad
5%
Guinea (2014) 190,722 Kankan
5%
Tajikistan (2022) 198,700 Khujand
5%
Kenya (2019) 397,957 Kisumu
5%
Albania (2011) 51,152 Korçë
5%
Chile (2017) 401,938 La Serena
5%
Costa Rica (2020) 65,300 Limón
5%
Angola (2014) 600,751 Lubango
5%
Ecuador (2022) 258,697 Manta
5%
Mozambique (2017) 1,032,197 Matola
5%
Tanzania (2022) 541,603 Mbeya
5%
Fiji (2017) 71,048 Nadi
5%
Kenya (2019) 570,674 Nakuru
5%
Uzbekistan (2023) 678,154 Namangan
5%
New Zealand (2022) 66,800 Napier
5%
Mexico (2020) 1,072,676 Nezahualcóyotl
5%
Hungary (2022) 116,282 Nyíregyhaza
5%
Romania (2021) 183,105 Oradea
5%
Belize (2022) 14,553 Orange Walk
5%
Kazakhstan (2023) 334,096 Pavlodar
5%
Uruguay (2023) 81,550 Paysandú
5%
Israel (2021) 257,128 Rishon LeZion
5%
Oman (2020) 470,878 Seeb
5%
Hungary (2022) 95,045 Szekesfehervar
5%
Saudi Arabia (2022) 563,282 Taif
5%
Yemen (2004) 466,968 Taiz
5%
Ghana (2010) 311,206 Takoradi
5%
New Zealand (2022) 158,300 Tauranga
5%
Denmark (2024) 61,706 Vejle
5%
Greece (2021) 127,441 Volos
5%
Micronesia (2010) 13,856 Weno
5%
Senegal (2023) 214,874 Ziguinchor
5%
Iceland (2024) 8,159 Akranes
4%
Portugal (2021) 95,851 Almada
4%
Kiribati (2020) 3,345 Ambo
4%
Uzbekistan (2023) 468,055 Andijan
4%
Togo (2022) 61,068 Anie
4%
Qatar (2020) 799,933 Ar-Rayyan
4%
Egypt (2023) 562,061 Asyut
4%
Norway (2024) 130,921 Bærum
4%
Philippines (2020) 494,148 Baguio
4%
Ethiopia (2022) 350,000 Bahir Dar
4%
Liechtenstein (2021) 4,662 Balzers
4%
Eswatini (2017) 6,433 Big Bend
4%
Liberia (2008) 50,245 Buchanan
4%
Cameroon (2005) 90,090 Buéa
4%
Saudi Arabia (2022) 571,169 Buraydah
4%
Rwanda (2022) 62,823 Butare
4%
Ghana (2010) 169,894 Cape Coast
4%
Costa Rica (2020) 232,300 Cartago
4%
Mozambique (2017) 363,336 Chimoio
4%
Cuba (2022) 153,048 Cienfuegos
4%
Venezuela (2019) 425,000 Ciudad Bolívar
4%
Guatemala (2018) 212,047 Cobán
4%
Turkmenistan (2022) 201,142 Daşoguz
4%
Ethiopia (2022) 270,400 Dese
4%
Algeria (2008) 265,833 Djelfa
4%
Bulgaria (2023) 70,411 Dobrich
4%
Sudan (2008) 217,827 El Fasher
4%
Sudan (2008) 345,126 El Obeid
4%
Andorra (2023) 15,506 Escaldes-Engordany
4%
Madagascar (2018) 191,776 Fianarantsoa
4%
Albania (2011) 55,845 Fier
4%
Cameroon (2005) 235,996 Garoua
4%
Kosovo (2011) 40,827 Gjakovë
4%
Haiti (2009) 228,725 Gonaïves
4%
Georgia (2020) 45,557 Gori
4%
Saudi Arabia (2022) 729,606 Hofuf
4%
Cuba (2022) 302,890 Holguin
4%
Czechia (2021) 92,649 Hradec Kralove
4%
Philippines (2020) 604,198 Iloilo
4%
Kuwait (2018) 452,259 Jahra
4%
Senegal (2023) 298,904 Kaolack
4%
Sudan (2008) 298,529 Kassala
4%
Mali (2009) 126,319 Kayes
4%
Hungary (2022) 108,120 Kecskemet
4%
Saudi Arabia (2022) 535,065 Khamis Mushait
4%
DRC (2004) 294,210 Kikwit
4%
Uganda (2020) 462,900 Kira
4%
Somalia (2014) 358,000 Kismayo
4%
Zambia (2022) 665,961 Kitwe
4%
Denmark (2024) 62,444 Kolding
4%
Finland (2023) 120,693 Lahti
4%
Norway (2024) 94,201 Lillestrøm
4%
Zambia (2022) 178,361 Livingstone
4%
Angola (2014) 357,950 Lobito
4%
Ecuador (2022) 203,496 Loja
4%
Ecuador (2022) 288,072 Machala
4%
Angola (2014) 455,000 Malanje
4%
Eswatini (2017) 30,248 Manzini
4%
Slovakia (2023) 50,629 Martin
4%
Venezuela (2019) 508,200 Maturín
4%
Libya (2006) 290,316 Misrata
4%
Chad (2009) 137,251 Moundou
4%
Iraq (2018) 747,261 Najaf
4%
Thailand (2019) 126,391 Nakhon Ratchasima
4%
Iraq (2018) 558,446 Nasiriyah
4%
Zambia (2022) 627,503 Ndola
4%
Sri Lanka (2012) 142,449 Negombo
4%
Thailand (2019) 254,375 Nonthaburi
4%
Iran (2016) 736,224 Orimiyeh
4%
Kazakhstan (2023) 352,894 Oskemen
4%
Lithuania (2024) 86,606 Panevėžys
4%
Benin (2013) 255,478 Parakou
4%
Czechia (2021) 89,619 Pardubice
4%
Bulgaria (2023) 89,030 Pleven
4%
Slovakia (2023) 48,741 Poprad
4%
Slovenia (2022) 17,880 Ptuj
4%
Peru (2022) 396,400 Pucallpa
4%
Costa Rica (2020) 87,500 Puntarenas
4%
Bangladesh (2022) 553,288 Rajshahi
4%
Uruguay (2023) 84,775 Rivera
4%
Namibia (2023) 118,632 Rundu
4%
Burkina Faso (2019) 136,011 Saaba
4%
Paraguay (2022) 225,395 San Lorenzo
4%
Andorra (2023) 7,962 Sant Julià de Lòria
4%
Belgium (2024) 130,405 Schaerbeek
4%
Iceland (2024) 9,871 Selfoss
4%
Egypt (2023) 1,275,700 Shubra el-Kheima
4%
Bulgaria (2023) 78,627 Sliven
4%
Colombia (2023) 675,100 Soledad
4%
Azerbaijan (2019) 435,600 Sumqayit
4%
Saudi Arabia (2022) 594,350 Tabuk
4%
Chile (2017) 237,295 Talca
4%
Egypt (2023) 597,694 Tanta
4%
Chile (2017) 278,513 Temuco
4%
Montenegro (2023) 10,894 Tivat
4%
Madagascar (2018) 325,857 Toamasina
4%
Slovakia (2023) 54,065 Trenčín
4%
Thailand (2019) 130,531 Udon Thani
4%
Montenegro (2023) 11,488 Ulcinj
4%
Slovenia (2022) 25,396 Velenje
4%
North Korea (2008) 328,467 Wonsan
4%
Philippines (2020) 689,840 Zamboanga
4%
Slovakia (2023) 80,634 Žilina
4%
Niger (2012) 235,605 Zinder
4%
Serbia (2022) 67,129 Zrenjanin
4%
Costa Rica (2020) 196,900 Alajuela
3%
Yemen (2004) 409,994 Al-Hudaydah
3%
Georgia (2020) 65,530 Aqwa
3%
Armenia (2022) 27,470 Armavir
3%
Djibouti (2024) 11,221 Arta
3%
Eritrea (1997) 44,220 Assab
3%
Algeria (2008) 289,504 Batna
3%
Montenegro (2023) 11,635 Bijelo Polje
3%
Nepal (2011) 243,927 Biratnagar
3%
Israel (2021) 212,395 Bnei Brak
3%
Moldova (2014) 28,763 Cahul
3%
Central African Republic (2021) 129,032 Carnot
3%
Trinidad and Tobago (2011) 83,516 Chaguanas
3%
Uruguay (2023) 113,252 Ciudad de la Costa
3%
Haiti (2009) 359,451 Delmas
3%
Honduras (2023) 120,600 El Progreso
3%
Nicaragua (2023) 112,132 Estelí
3%
San Marino (2023) 2,614 Fiorentino
3%
Bangladesh (2022) 2,677,715 Gazipur
3%
South Korea (2020) 1,045,497 Goyang
3%
Thailand (2019) 156,802 Hat Yai
3%
Ethiopia (2022) 250,900 Jima
3%
Sri Lanka (2012) 252,041 Kaduwela
3%
Mauritania (2013) 45,539 Kaédi
3%
Kyrgyzstan (2022) 77,241 Karakol
3%
Croatia (2021) 41,869 Karlovac
3%
Burkina Faso (2019) 121,970 Kaya
3%
Sierra Leone (2015) 200,443 Kenema
3%
Eritrea (1997) 55,586 Keren
3%
Mauritania (2013) 50,206 Kiffa
3%
Estonia (2021) 33,499 Kohtla-Järve
3%
Uzbekistan (2023) 303,620 Kokand
3%
Ivory Coast (2014) 243,048 Korhogo
3%
Burkina Faso (2019) 160,239 Koudougou
3%
Brunei (2021) 27,819 Kuala Belait
3%
Estonia (2021) 13,034 Kuressaare
3%
Honduras (2023) 209,000 La Ceiba
3%
Nepal (2011) 294,098 Lalitpur
3%
Dominican Republic (2022) 265,313 La Romana
3%
Cuba (2022) 176,139 Las Tunas
3%
New Zealand (2022) 111,500 Lower Hutt
3%
Vanuatu (2020) 18,062 Luganville
3%
Papua New Guinea (2011) 35,971 Madang
3%
Uruguay (2023) 102,000 Maldonado
3%
Guinea (2014) 167,354 Manéah
3%
Eritrea (1997) 27,179 Massawa
3%
Cuba (2022) 145,043 Matanzas
3%
Senegal (2023) 284,189 Mbour
3%
Cape Verde (2021) 69,013 Mindelo
3%
Botswana (2022) 74,861 Molepolole
3%
Papua New Guinea (2011) 29,765 Mount Hagen
3%
Oman (2020) 64,599 Nizwa
3%
Guinea (2014) 195,027 Nzerekore
3%
Mozambique (2017) 200,529 Pemba
3%
Israel (2021) 252,270 Petah Tikva
3%
Luxembourg (2024) 20,903 Pétange
3%
Haiti (2009) 271,175 Pétionville
3%
Bhutan (2017) 27,658 Phuntsholing
3%
Finland (2023) 83,106 Pori
3%
Ecuador (2022) 244,129 Portoviejo
3%
North Macedonia (2021) 63,308 Prilep
3%
Dominican Republic (2022) 132,878 Puerto Plata
3%
Malta (2023) 19,567 Qormi
3%
Mozambique (2017) 246,915 Quelimane
3%
Bahrain (2001) 79,550 Riffa
3%
Haiti (2009) 122,747 Saint-Marc
3%
Austria (2024) 58,856 Sankt Pölten
3%
Chad (2009) 97,224 Sarh
3%
Mali (2009) 133,501 Segou
3%
Kazakhstan (2023) 308,143 Semipalatinsk
3%
Croatia (2021) 45,005 Slavonski Brod
3%
Colombia (2023) 778,400 Soacha
3%
Mauritius (2022) 16,025 St. Pierre
3%
North Macedonia (2021) 33,825 Strumica
3%
Iraq (2018) 676,492 Sulaymaniyah
3%
Hungary (2022) 78,190 Szombathely
3%
Madagascar (2018) 168,756 Toliara
3%
DRC (2004) 366,503 Tshikapa
3%
Lithuania (2024) 27,763 Utena
3%
Croatia (2021) 36,187 Varaždin
3%
Mozambique (2017) 132,884 Xai-Xai
3%
Chad (2009) 97,963 Abeche
2%
Benin (2013) 67,885 Abomey
2%
Djibouti (2024) 44,782 Ali-Sabieh
2%
Antigua and Barbuda (2001) 3,900 All Saints
2%
Bahrain (2001) 91,307 Al-Muḥarraq
2%
Madagascar (2018) 246,354 Antsirabe
2%
Madagascar (2018) 129,320 Antsiranana
2%
Tunisia (2023) 123,079 Ariana
2%
Norway (2024) 98,815 Asker
2%
Lebanon (2017) 85,000 Baalbek
2%
Cameroon (2005) 269,530 Bamenda
2%
Timor Leste (2022) 19,118 Baucau
2%
Nepal (2011) 369,268 Bharatpur
2%
Vietnam (2019) 830,829 Bien Hoa
2%
Bosnia and Herzegovina (2013) 41,121 Bijeljina
2%
Algeria (2008) 204,661 Biskra
2%
Algeria (2008) 331,779 Blida
2%
Ireland (2022) 28,600 Bray
2%
Gambia (2013) 81,007 Brikama
2%
Serbia (2022) 69,598 Čačak
2%
St Kitts and Nevis (2011) 1,847 Charlestown
2%
Nicaragua (2023) 115,687 Chinandega
2%
Zimbabwe (2022) 371,246 Chitungwiza
2%
Haiti (2009) 241,055 Cite Soleil
2%
Rwanda (2022) 43,866 Cyangugu
2%
Djibouti (2024) 27,378 Dikhil
2%
San Marino (2023) 3,583 Domagnano
2%
Austria (2024) 51,876 Dornbirn
2%
Iceland (2024) 2,609 Egilsstaðir
2%
Liechtenstein (2021) 4,601 Eschen
2%
Cape Verde (2021) 24,500 Espargos
2%
South Africa (2011) 605,504 Evaton
2%
Guinea Bissau (2009) 43,556 Gabú
2%
Rwanda (2022) 252,090 Gisenyi
2%
Solomon Islands (2019) 4,260 Gizo
2%
Kosovo (2011) 54,239 Gjilan
2%
Papua New Guinea (2011) 22,830 Goroka
2%
Bahrain (2001) 52,718 Hamad Town
2%
Liberia (2008) 23,517 Harper
2%
Kuwait (2018) 957,090 Hawalli
2%
Dominican Republic (2022) 210,278 Higüey
2%
Maldives (2022) 13,759 Hithadhoo
2%
Israel (2021) 197,464 Holon
2%
Denmark (2024) 63,903 Horsens
2%
Maldives (2022) 65,714 Hulhumalé
2%
Iceland (2024) 2,632 Ísafjörður
2%
Tajikistan (2022) 64,300 Istaravshan
2%
Lithuania (2024) 26,838 Jonava
2%
Morocco (2024) 507,736 Kénitra
2%
Micronesia (2010) 6,470 Kitti
2%
Micronesia (2010) 6,074 Kolonia
2%
DRC (2004) 456,446 Kolwezi
2%
Malaysia (2020) 510,456 Kota Bharu
2%
Mali (2009) 141,444 Koutiala
2%
Togo (2022) 87,478 Kpalime
2%
Russia (2021) 1,187,771 Krasnojarsk
2%
Guinea (2014) 92,654 Labé
2%
Andorra (2023) 5,979 La Massana
2%
Fiji (2017) 24,637 Lami
2%
Fiji (2017) 71,573 Lautoka
2%
Antigua and Barbuda (2001) 2,560 Liberta
2%
Guyana (2012) 28,674 Linden
2%
Timor Leste (2022) 12,782 Lospalos
2%
Paraguay (2022) 259,705 Luque
2%
Estonia (2021) 16,170 Maardu
2%
Madagascar (2018) 246,022 Mahajanga
2%
Sri Lanka (2012) 196,423 Maharagama
2%
Sierra Leone (2015) 124,634 Makeni
2%
Lesotho (2016) 59,126 Maputsoe
2%
Niger (2012) 267,249 Maradi
2%
Lithuania (2024) 36,704 Marijampolė
2%
Cameroon (2005) 201,371 Maroua
2%
Bahamas (2010) 4,368 Marsh Harbour
2%
Ethiopia (2022) 457,900 Mekele
2%
Somalia (2014) 499,000 Merca
2%
Guatemala (2018) 463,019 Mixco
2%
Botswana (2022) 88,004 Mogoditshane
2%
Mali (2009) 120,786 Mopti
2%
Malawi (2018) 221,272 Mzuzu
2%
North Korea (2008) 310,531 Namp'o
2%
Uganda (2020) 532,800 Nansana
2%
Bangladesh (2022) 967,951 Narayanganj
2%
Fiji (2017) 57,882 Nausori
2%
Ireland (2022) 32,000 Navan
2%
Sao Tome (2012) 8,391 Neves
2%
Burundi (2008) 39,884 Ngozi
2%
Republic of the Congo (2023) 104,083 Nkayi
2%
Serbia (2022) 71,462 Novi Pazar
2%
Jamaica (2011) 16,671 Ocho Rios
2%
Latvia (2021) 23,022 Ogre
2%
Namibia (2023) 58,656 Oshakati
2%
Burkina Faso (2019) 124,587 Ouahigouya
2%
Serbia (2022) 73,401 Pančevo
2%
Tonga (2021) 1,991 Pea
2%
Montenegro (2023) 16,419 Pljevlja
2%
Haiti (2009) 99,580 Port-de-Paix
2%
Bosnia and Herzegovina (2013) 27,970 Prijedor
2%
Montenegro (2023) 10,581 Rožaje
2%
Senegal (2023) 295,459 Rufisque
2%
Kenya (2019) 490,120 Ruiru
2%
Sao Tome (2012) 7,445 Santana
2%
Brunei (2021) 16,340 Seria
2%
Bulgaria (2023) 66,713 Shumen
2%
Malta (2023) 22,037 Sliema
2%
Oman (2020) 219,264 Sohar
2%
Togo (2022) 115,442 Sokode
2%
South Africa (2011) 728,063 Soshanguve
2%
North Macedonia (2021) 42,000 Štip
2%
Malta (2023) 15,697 St Julian’s
2%
Thailand (2019) 132,040 Surat Thani
2%
Uruguay (2023) 60,586 Tacuarembó
2%
Tanzania (2022) 393,429 Tanga
2%
Kazakhstan (2023) 427,356 Taraz
2%
Bolivia (2012) 179,561 Tarija
2%
Cape Verde (2021) 13,483 Tarrafal
2%
Ghana (2010) 139,784 Tema
2%
Moldova (2014) 91,882 Tighina
2%
Libya (2006) 115,503 Tobruk
2%
Armenia (2022) 44,837 Vagharshapat
2%
Armenia (2022) 75,186 Vanadzor
2%
South Africa (2011) 377,922 Vereeniging
2%
Guatemala (2018) 426,316 Villa Nueva
2%
Honduras (2023) 83,650 Villanueva
2%
South Sudan (2008) 69,720 Yei
2%
South Korea (2020) 1,066,975 Yongin
2%
Lebanon (2017) 140,000 Zahlé
2%
Mauritania (2013) 44,649 Zouerate
2%
Benin (2013) 117,824 Abomey-Calavi
1%
Greece (2021) 100,844 Acharnae
1%
San Marino (2023) 2,116 Acquaviva
1%
Lebanon (2017) 30,000 Aley
1%
Yemen (2004) 182,478 Al-Mukalla
1%
Qatar (2020) 94,272 Al Wakrah
1%
Lithuania (2024) 51,353 Alytus
1%
Iraq (2018) 527,472 Amara
1%
Seychelles (2022) 5,046 Anse Royale
1%
El Salvador (2024) 145,300 Apopa
1%
Trinidad and Tobago (2011) 33,606 Arima
1%
Uruguay (2023) 43,894 Artigas
1%
Ghana (2010) 190,972 Ashaiman
1%
Cape Verde (2021) 21,297 Assomada
1%
Togo (2022) 98,193 Atakpame
1%
Mauritania (2013) 25,190 Atar
1%
Guinea Bissau (2009) 29,556 Bafatá
1%
Cameroon (2005) 239,287 Bafoussam
1%
Turkmenistan (2022) 123,190 Balkanabat
1%
Kyrgyzstan (2022) 51,487 Balykchy
1%
Mauritius (2022) 18,030 Bel Air Rivière Sèche
1%
Seychelles (2022) 4,829 Bel Ombre
1%
Central African Republic (2021) 103,713 Berbérati
1%
Kiribati (2020) 18,429 Betio
1%
Luxembourg (2024) 11,521 Bettembourg
1%
Tajikistan (2022) 126,700 Bokhtar
1%
San Marino (2023) 6,955 Borgo Maggiore
1%
Lesotho (2016) 38,770 Butha-Buthe
1%
Guinea Bissau (2009) 12,044 Canchungo
1%
Dominica (2011) 3,324 Canefield
1%
Andorra (2023) 2,550 Canillo
1%
Paraguay (2022) 236,999 Capiatá
1%
Greece (2021) 80,672 Chalcis
1%
Zambia (2022) 256,560 Chingola
1%
Mongolia (2021) 47,153 Choibalsan
1%
Honduras (2023) 220,300 Choloma
1%
Honduras (2023) 99,980 Choluteca
1%
Burundi (2008) 23,885 Cibitoke
1%
St Lucia (2022) 2,471 Ciceron
1%
Nicaragua (2023) 130,357 Ciudad Sandino
1%
Honduras (2023) 120,500 Comayagua
1%
Mauritius (2022) 70,008 Curepipe
1%
Ivory Coast (2014) 245,360 Daloa
1%
Belize (2022) 9,640 Dangriga (Stann Creek Town)
1%
Honduras (2023) 80,200 Danli
1%
Sri Lanka (2012) 184,468 Dehiwala
1%
El Salvador (2024) 98,300 Delgado
1%
Suriname (2012) 26,161 De Nieuwe Grond
1%
St Lucia (2022) 1,697 Dennery
1%
Yemen (2004) 146,346 Dhamar
1%
Vietnam (2019) 474,681 Di An
1%
Senegal (2023) 157,554 Diourbel
1%
Ivory Coast (2014) 105,397 Divo
1%
Bosnia and Herzegovina (2013) 24,349 Doboj
1%
Qatar (2020) 313,754 Doha Industrial Area
1%
Republic of the Congo (2023) 178,172 Dolisie
1%
Comoros (2017) 12,262 Domoni
1%
Guinea (2014) 157,017 Dubréka
1%
Bahamas (2010) 1,762 Dunmore Town
1%
Equatorial Guinea (2001) 19,515 Ebebiyín
1%
Zimbabwe (2022) 206,368 Epworth
1%
Guatemala (2018) 156,313 Escuintla
1%
Gambia (2013) 38,121 Faji Kunda
1%
Kuwait (2018) 892,915 Farwaniya
1%
Kosovo (2011) 42,628 Ferizaj
1%
Comoros (2017) 17,291 Fomboni
1%
Liberia (2008) 42,077 Ganta
1%
Niger (2012) 45,465 Gaya
1%
Liberia (2008) 56,986 Gbarnga
1%
Sudan (2008) 269,395 Gedaref
1%
Rwanda (2022) 82,797 Gitarama
1%
Benin (2013) 253,262 Godomey
1%
Guyana (2012) 23,129 Golden Grove
1%
Iceland (2024) 3,575 Grindavík
1%
Uganda (2020) 177,400 Gulu
1%
Costa Rica (2020) 367,900 Heredia
1%
Luxembourg (2024) 16,836 Hesperange
1%
Lesotho (2016) 41,986 Hlotse
1%
El Salvador (2024) 102,500 Ilopango
1%
Tajikistan (2022) 54,900 Isfara
1%
Oman (2020) 66,284 Ja’alan Bani Bu Ali
1%
Guatemala (2018) 159,840 Jalapa
1%
Latvia (2021) 21,686 Jēkabpils
1%
Guatemala (2018) 145,880 Jutiapa
1%
Zambia (2022) 288,598 Kabwe
1%
Luxembourg (2024) 11,159 Käerjeng
1%
Liberia (2008) 34,608 Kakata
1%
Mali (2009) 96,173 Kalabancoro
1%
Sri Lanka (2012) 99,893 Kalmunai
1%
Malawi (2018) 61,609 Karonga
1%
Uzbekistan (2023) 288,887 Karshi
1%
Zambia (2022) 179,636 Kasama
1%
Chad (2009) 57,859 Kélo
1%
Iraq (2018) 711,530 Kerbala
1%
Georgia (2020) 25,015 Khashuri
1%
Mongolia (2021) 31,980 Khovd
1%
Guinea (2014) 99,931 Kissidougou
1%
Suriname (2012) 27,713 Koewarasan
1%
Sierra Leone (2015) 124,662 Koidu
1%
Angola (2014) 355,423 Kuito
1%
Tajikistan (2022) 105,800 Kulob
1%
Afghanistan (2020) 189,300 Kunduz
1%
Zimbabwe (2022) 119,863 Kwekwe
1%
Uganda (2020) 285,400 Kyengera
1%
Fiji (2017) 26,601 Labasa
1%
Panama (2023) 205,959 La Chorrera
1%
Honduras (2023) 80,740 La Lima
1%
Paraguay (2022) 127,150 Lambaré
1%
Gabon (2013) 38,775 Lambaréné
1%
Uruguay (2023) 61,306 Las Piedras
1%
Marshall Islands (2021) 1,547 Laura
1%
Dominican Republic (2022) 123,677 La Vega
1%
Suriname (2012) 18,663 Lelydorp
1%
DRC (2004) 367,219 Likasi
1%
Dominican Republic (2022) 282,799 Los Alcarrizos
1%
Albania (2011) 27,000 Lushnja
1%
Lesotho (2016) 43,247 Mafeteng
1%
Uganda (2020) 413,400 Makindye Ssabagabo
1%
South Sudan (2008) 114,528 Malakal
1%
Solomon Islands (2019) 15,560 Malango
1%
Timor Leste (2022) 13,078 Maliana
1%
Jamaica (2011) 49,695 Mandeville
1%
Dominica (2011) 2,411 Marigot
1%
Nicaragua (2023) 140,721 Masaya
1%
Nicaragua (2023) 114,120 Matagalpa
1%
Liechtenstein (2021) 4,496 Mauren
1%
Myanmar (2014) 253,734 Mawlamyine
1%
Jamaica (2011) 61,548 May Pen
1%
Uganda (2020) 221,300 Mbarara
1%
Sudan (2008) 289,482 Medani
1%
El Salvador (2024) 134,363 Mejicanos
1%
Uruguay (2023) 56,013 Melo
1%
Palau (2020) 1,631 Meyuns
1%
Azerbaijan (2019) 119,977 Mingechevir
1%
Comoros (2017) 11,955 Mirontsi
1%
Botswana (2022) 50,321 Mochudi
1%
Lesotho (2016) 44,494 Mohale's Hoek
1%
San Marino (2023) 1,006 Montegiardino
1%
Sri Lanka (2012) 168,280 Moratuwa
1%
Tanzania (2022) 471,409 Morogoro
1%
Zimbabwe (2022) 224,804 Mutare
1%
Comoros (2017) 26,313 Mutsamudu
1%
Oman (2020) 230,881 Muttrah
1%
Myanmar (2014) 243,031 Myitkyina
1%
Azerbaijan (2019) 80,800 Nakchivan
1%
Malta (2023) 17,836 Naxxar
1%
Micronesia (2010) 6,639 Nett
1%
Cameroon (2005) 152,698 Ngaoundéré
1%
Palau (2020) 630 Ngetkib
1%
Eswatini (2017) 10,456 Nhlangano
1%
Uganda (2020) 178,800 Njeru
1%
Barbados (2000) 1,203 Oistins
1%
Moldova (2014) 21,065 Orhei
1%
Namibia (2023) 49,022 Otjiwarongo
1%
Laos (2015) 35,289 Oudomxay
1%
Republic of the Congo (2023) 75,095 Ouesso
1%
Gabon (2013) 79,300 Owendo
1%
Gabon (2013) 60,685 Oyem
1%
Thailand (2019) 190,272 Pak Kret
1%
Guyana (2012) 16,332 Paradise
1%
Myanmar (2014) 169,773 Pathein
1%
Guatemala (2018) 129,124 Petapa
1%
Laos (2015) 48,643 Phonsavan
1%
Cambodia (2019) 79,475 Poipet
1%
Papua New Guinea (2011) 12,600 Popondetta
1%
New Zealand (2022) 60,200 Porirua
1%
Georgia (2020) 41,498 Poti
1%
Nicaragua (2023) 86,279 Puerto Cabezas
1%
Bhutan (2017) 6,262 Punakha
1%
Mauritius (2022) 71,076 Quatre-Bornes
1%
Bolivia (2012) 117,859 Quillacollo
1%
Jordan (2015) 296,763 Quwaysimah - Jweideh - Abu Alanda - Rajeeb
1%
Estonia (2021) 15,141 Rakvere
1%
Chile (2017) 290,864 Rancagua
1%
Namibia (2023) 40,788 Rehoboth
1%
Latvia (2021) 27,314 Rēzekne
1%
Mauritius (2022) 92,149 Rose-Hill
1%
Mauritania (2013) 33,581 Rosso
1%
Rwanda (2022) 153,368 Ruhengeri
1%
Burundi (2008) 35,931 Rumonge
1%
Jordan (2015) 472,604 Russeifa
1%
Georgia (2020) 128,680 Rustavi
1%
Jordan (2015) 169,434 Sahab
1%
Dominica (2011) 2,147 Salisbury
1%
Timor Leste (2022) 7,191 Same
1%
Luxembourg (2024) 18,532 Sanem
1%
Trinidad and Tobago (2011) 20,710 Sangre Grande
1%
Belize (2022) 21,111 San Ignacio
1%
Costa Rica (2020) 66,300 San Isidro de El General
1%
Costa Rica (2020) 57,500 San Rafael de Alajuela
1%
Costa Rica (2020) 40,600 San Ramón de los Palmares
1%
El Salvador (2024) 113,700 Santa Tecla
1%
Liechtenstein (2021) 1,104 Schellenburg
1%
Luxembourg (2024) 11,517 Schifflange
1%
Malaysia (2020) 647,480 Seremban
1%
Botswana (2022) 55,676 Serowe
1%
Croatia (2021) 55,313 Sesvete
1%
Algeria (2008) 252,127 Setif
1%
Algeria (2008) 210,146 Sidi bel Abbes
1%
Guinea (2014) 127,492 Siguiri
1%
Estonia (2021) 12,439 Sillamäe
1%
North Korea (2008) 334,031 Sinuiju
1%
El Salvador (2024) 258,359 Soyapango
1%
Barbados (2000) 2,604 Speightstown
1%
Cyprus (2021) 70,823 Stróvolos
1%
North Korea (2008) 250,738 Sunch'on
1%
Djibouti (2024) 18,808 Tadjourah
1%
Niger (2012) 117,826 Tahoua
1%
Tuvalu (2017) 304 Teava
1%
Mozambique (2017) 307,338 Tete
1%
Vietnam (2019) 588,616 Thuan An
1%
Nicaragua (2023) 150,597 Tipitapa
1%
Kyrgyzstan (2022) 73,433 Tokmok
1%
Liechtenstein (2021) 5,380 Triesen
1%
Liechtenstein (2021) 2,617 Triesenberg
1%
Sao Tome (2012) 6,685 Trindade
1%
Angola (2014) 322,531 Uige
1%
Samoa (2021) 8,224 Vaitele
1%
Latvia (2021) 23,046 Valmiera
1%
Papua New Guinea (2011) 13,970 Vanimo
1%
North Macedonia (2021) 40,664 Veles
1%
Estonia (2021) 17,245 Viljandi
1%
Vietnam (2019) 341,552 Vung Tau
1%
Papua New Guinea (2011) 37,825 Wewak
1%
South Sudan (2008) 105,881 Yambio
1%
Malta (2023) 17,754 Żabbar
1%
Libya (2006) 141,653 Zawiya
1%
Libya (2006) 166,350 Zliten
1%
Malawi (2018) 105,013 Zomba
1%
Georgia (2020) 41,494 Zugdidi
1%
Armenia (2022) 46,434 Abovyan
0%
Equatorial Guinea (2001) 8,795 Aconibe
0%
Eritrea (1997) 15,633 Adi Qayeh
0%
Eritrea (1997) 35,673 Afabet
0%
Cyprus (2021) 21,544 Aglantziá
0%
Eritrea (1997) 22,316 Agordat
0%
Portugal (2021) 81,006 Agualva-Cacém
0%
Timor Leste (2022) 5,217 Ainaro
0%
Mauritania (2013) 22,796 Aïoun
0%
Palau (2020) 2,020 Airai
0%
Libya (2006) 107,564 Ajdabiya
0%
Marshall Islands (2021) 1,140 Ajeltake
0%
Gabon (2013) 34,548 Akanda
0%
Tuvalu (2017) 1,309 Alapi
0%
Oman (2020) 92,223 Al-Buraymi
0%
Qatar (2020) 91,247 Al Daayen / Al Kheesa
0%
Samoa (2021) 3,810 Aleisa Sasa'e
0%
Djibouti (2024) 12,763 Ali-Adeh
0%
Libya (2006) 126,348 Al-Khums
0%
Sao Tome (2012) 3,923 Almas
0%
Qatar (2020) 67,181 Al Shahaniya
0%
Qatar (2020) 134,481 Al Wukair
0%
Oman (2020) 96,384 Amarat
0%
Yemen (2004) 77,825 Amran
0%
Chad (2009) 52,270 Am Timan
0%
Equatorial Guinea (2001) 7,586 Añisok
0%
Guyana (2012) 11,133 Anna Regina
0%
Seychelles (2022) 5,382 Anse Boileau
0%
Seychelles (2022) 6,555 Anse Étoile
0%
Seychelles (2022) 5,063 Anse Volbert
0%
Madagascar (2018) 67,888 Antalaha
0%
Ivory Coast (2014) 103,297 Anyama
0%
Cyprus (2021) 22,932 Aradíppou
0%
Andorra (2023) 2,127 Arinsal
0%
Niger (2012) 78,651 Arlit
0%
Panama (2023) 84,524 Arraiján
0%
Mongolia (2021) 34,605 Arvaikheer
0%
Djibouti (2024) 5,173 As-Eyla
0%
Kazakhstan (2023) 316,468 Atyrayy
0%
Seychelles (2022) 5,974 Au Cap
0%
St Lucia (2022) 1,850 Augier
0%
Solomon Islands (2019) 7,020 Auki
0%
Tuvalu (2017) 329 Aulotu
0%
South Sudan (2008) 59,217 Aweil
0%
Bahamas (2010) 1,418 Bailey Town
0%
Kiribati (2020) 3,522 Bairiki
0%
Yemen (2004) 55,760 Bajil
0%
Gambia (2013) 25,265 Bakau New Town
0%
Malawi (2018) 36,308 Balaka
0%
St Lucia (2022) 1,812 Balata
0%
Central African Republic (2021) 83,029 Bambari
0%
Burkina Faso (2019) 117,452 Banfora
0%
Central African Republic (2021) 54,059 Bangassou
0%
Thailand (2019) 120,127 Bang Pu
0%
Kiribati (2020) 2,875 Banraeaba
0%
Belarus (2023) 172,150 Baranavicy
0%
Belarus (2023) 136,409 Barysau
0%
Oman (2020) 362,523 Bawshar
0%
Cuba (2022) 159,014 Bayamo
0%
Mongolia (2021) 32,454 Bayankhongor
0%
Turkmenistan (2022) 70,376 Baýramaly
0%
Kyrgyzstan (2022) 58,383 Bazar-Korgon
0%
St Lucia (2022) 1,685 Beausejour
0%
Seychelles (2022) 5,603 Beau Vallon
0%
Central African Republic (2021) 264,067 Bégoua
0%
Belize (2022) 6,259 Bella Vista
0%
Belize (2022) 7,020 Benque Viejo del Carmen
0%
South Sudan (2008) 41,328 Bentiu
0%
Dominica (2011) 2,134 Berricoa
0%
Republic of the Congo (2023) 59,563 Bétou
0%
Guyana (2012) 15,243 Better Hope
0%
Kiribati (2020) 7,530 Bikenibeu
0%
Azerbaijan (2019) 85,900 Bilajari
0%
Azerbaijan (2019) 89,300 Bina
0%
Nepal (2011) 272,382 Birgunj
0%
Niger (2012) 63,169 Birni N'Konni
0%
Guinea Bissau (2009) 9,898 Bissorã
0%
Bangladesh (2022) 486,016 Bogra
0%
Benin (2013) 93,744 Bohicon
0%
Antigua and Barbuda (2001) 1,888 Bolans
0%
Sao Tome (2012) 3,072 Bombom
0%
Chad (2009) 44,578 Bongor
0%
Kiribati (2020) 3,047 Bonriki
0%
Central African Republic (2021) 55,353 Bossangoa
0%
Central African Republic (2021) 71,680 Bouar
0%
Guinea Bissau (2009) 7,898 Buba
0%
Burundi (2008) 20,031 Bubanza
0%
Bahrain (2001) 30,702 Budaiya - Diraz
0%
Rwanda (2022) 40,276 Bugarama
0%
Brunei (2021) 9,835 Bukit Beruang
0%
Gambia (2013) 55,360 Bundunka Kunda
0%
Gambia (2013) 24,018 Busumbala
0%
Ecuador (2022) 249,941 Calderón
0%
Seychelles (2022) 7,263 Cascade
0%
Mauritius (2022) 16,310 Centre de Flacq
0%
Thailand (2019) 143,024 Chaophraya Surasak
0%
Armenia (2022) 22,071 Charentsavan
0%
Djibouti (2024) 5,381 Cheik Farah
0%
San Marino (2023) 1,175 Chiesanuova
0%
Zimbabwe (2022) 90,800 Chinhoyi
0%
Zambia (2022) 188,020 Chipata
0%
Panama (2023) 57,412 Chitré
0%
Togo (2022) 56,830 Cinkasse
0%
Antigua and Barbuda (2001) 1,359 Clare Hall
0%
Monaco (2016) 5,141 Condamine
0%
Belize (2022) 9,815 Corozal
0%
Djibouti (2024) 5,115 Damerjog
0%
Togo (2022) 117,675 Dapaong
0%
Mongolia (2021) 84,429 Darchan
0%
Marshall Islands (2021) 5,809 Darrit
0%
Papua New Guinea (2011) 15,142 Daru
0%
Syria (2004) 211,857 Deir ez-Zor
0%
Eritrea (1997) 21,675 Dek’emhare
0%
Marshall Islands (2021) 6,321 Delap
0%
Nepal (2011) 198,792 Dhangadhi
0%
UAE (2015) 29,301 Dibba
0%
Benin (2013) 94,773 Djougou
0%
Chad (2009) 49,647 Doba
0%
Niger (2012) 58,671 Dosso
0%
Micronesia (2010) 3,517 Dublon
0%
Moldova (2014) 25,060 Dubossary
0%
Bahamas (2010) 2,890 Dundas Town
0%
Marshall Islands (2021) 8,416 Ebeye
0%
Kiribati (2020) 3,858 Eita
0%
Benin (2013) 75,313 Ekpe
0%
Tunisia (2023) 120,732 El Mourouj
0%
Cyprus (2021) 20,504 Engomi
0%
Equatorial Guinea (2001) 7,997 Evinayong
0%
Burkina Faso (2019) 73,200 Fada N'Gourma
0%
San Marino (2023) 1,172 Faetano
0%
Tuvalu (2017) 1,327 Fakaifou
0%
Samoa (2021) 4,431 Faleasiu
0%
Samoa (2021) 3,278 Fale'ula
0%
Gambia (2013) 27,396 Farafenni
0%
Guinea Bissau (2009) 9,005 Farim
0%
Micronesia (2010) 3,471 Fefen
0%
Paraguay (2022) 110,255 Fernando de la Mora
0%
Maldives (2022) 6,831 Feydhoo - Maradhoo
0%
Kuwait (2018) 264,718 Firdous
0%
Monaco (2016) 4,420 Fontvielle
0%
Liberia (2008) 20,569 Foya
0%
Kuwait (2018) 516,252 Funtas
0%
Maldives (2022) 9,177 Fuvahmulah
0%
Ivory Coast (2014) 160,465 Gagnoa
0%
Republic of the Congo (2023) 52,652 Gamboma
0%
Liechtenstein (2021) 1,728 Gamprin
0%
Maldives (2022) 4,815 Gamu
0%
Azerbaijan (2019) 84,600 Garachukur
0%
Burundi (2008) 11,700 Gatumba
0%
Tanzania (2022) 318,006 Geita
0%
Bhutan (2017) 9,858 Gelaphu
0%
Eritrea (1997) 15,539 Ghinda
0%
Nepal (2011) 200,530 Ghorahi
0%
Timor Leste (2022) 12,546 Gleno
0%
Mauritius (2022) 21,103 Goodlands
0%
North Macedonia (2021) 32,814 Gostivar
0%
Chad (2009) 41,248 Goz Beida
0%
Sao Tome (2012) 3,326 Guadalupe
0%
Zimbabwe (2022) 159,050 Gweru
0%
Tonga (2021) 2,627 Ha'ateiho
0%
Liberia (2008) 25,309 Harbel
0%
Tonga (2021) 3,473 Havelu
0%
Lebanon (2017) 40,000 Hermel
0%
Syria (2004) 188,160 Hesice
0%
Barbados (2000) 1,087 Holetown
0%
Burkina Faso (2019) 87,151 Hounde
0%
Suriname (2012) 15,656 Houttuin
0%
Armenia (2022) 44,231 Hrazdan
0%
Iceland (2024) 3,277 Hveragerði
0%
Comoros (2017) 5,474 Iconi
0%
Madagascar (2018) 69,953 Imerintsiatosika
0%
Guinea Bissau (2009) 8,107 Ingoré
0%
Bahrain (2001) 36,833 Isa Town
0%
Nepal (2011) 197,241 Itahari
0%
Marshall Islands (2021) 798 Jabwor
0%
Nepal (2011) 194,556 Janakpur
0%
Libya (2006) 126,025 Janzur
0%
Monaco (2016) 5,117 Jardin Exotique
0%
Taiwan (2020) 252,028 Jiayi
0%
Bahrain (2001) 30,099 Jidhafs
0%
Taiwan (2020) 367,264 Jilong
0%
Lebanon (2017) 50,000 Jubayl
0%
Jordan (2015) 197,160 Jubeiha
0%
Zimbabwe (2022) 117,381 Kadoma
0%
North Korea (2008) 262,389 Kaech'on
0%
Central African Republic (2021) 55,047 Kaga-Bandoro
0%
Tanzania (2022) 453,654 Kahama
0%
UAE (2015) 37,545 Kalba
0%
Sierra Leone (2015) 14,962 Kamakwie
0%
Cambodia (2019) 54,475 Kampong Cham
0%
Cambodia (2019) 53,737 Kampong Chhnang
0%
Guinea (2014) 83,428 Kamsar
0%
Rwanda (2022) 66,151 Kamuhanda / Ruyenzi
0%
North Korea (2008) 251,971 Kanggye
0%
Armenia (2022) 32,780 Kapan
0%
Kyrgyzstan (2022) 52,499 Kara-Balta
0%
Kenya (2019) 194,342 Karuri
0%
Burundi (2008) 10,317 Karuzi
0%
Uganda (2020) 207,800 Kasangati
0%
Malawi (2018) 58,653 Kasungu
0%
Mali (2009) 84,500 Kati
0%
Namibia (2023) 46,401 Katima Mulilo
0%
Cyprus (2021) 23,174 Káto Polemídia
0%
Burundi (2008) 21,767 Kayanza
0%
Sri Lanka (2012) 185,122 Kesbewa
0%
Azerbaijan (2019) 213,400 Khiraldan
0%
UAE (2015) 39,151 Khor Fakkan
0%
Jordan (2015) 186,158 Khraibet Essooq - Jawa - Yadoodeh
0%
Kenya (2019) 323,881 Kikuyu
0%
Guinea (2014) 138,695 Kindia
0%
Republic of the Congo (2023) 71,629 Kintélé
0%
Solomon Islands (2019) 2,107 Kirakira
0%
Burundi (2008) 10,024 Kirundo
0%
Turkmenistan (2022) 48,552 Kizyl-Arbat
0%
Ghana (2010) 120,971 Koforidua
0%
Tajikistan (2022) 54,400 Konibodom
0%
Slovenia (2022) 13,774 Kramnik
0%
Maldives (2022) 10,131 Kulhudhuffushi
0%
Cameroon (2005) 144,268 Kumba
0%
Suriname (2012) 14,151 Kwatta
0%
Kyrgyzstan (2022) 44,012 Kyzyl-Kiya
0%
St Lucia (2022) 2,401 Laborie
0%
Belize (2022) 7,655 Ladyville
0%
Cyprus (2021) 43,111 Lakatámeia
0%
Tonga (2021) 1,974 Lapaha
0%
Monaco (2016) 7,087 La Rousse
0%
Monaco (2016) 2,026 Larvotto
0%
Panama (2023) 55,031 Las Garzas
0%
Myanmar (2014) 174,335 Lashio
0%
Afghanistan (2020) 89,300 Lashkargah
0%
Tunisia (2023) 153,307 La Soukra
0%
St Lucia (2022) 1,562 La Tourney
0%
Monaco (2016) 4,195 Les Moneghetti
0%
Mozambique (2017) 242,204 Lichinga
0%
Paraguay (2022) 139,652 Limpio
0%
Jamaica (2011) 15,231 Linstead
0%
Malawi (2018) 36,421 Liwonde
0%
Tuvalu (2017) 894 Lofeagai
0%
Zambia (2022) 193,293 Luanshya
0%
Brunei (2021) 5,795 Lugu
0%
Brunei (2021) 7,640 Lumut
0%
Guyana (2012) 18,928 Lusignan
0%
Micronesia (2010) 5,767 Madolenihmw
0%
Sierra Leone (2015) 23,136 Magburaka
0%
Turkmenistan (2022) 44,508 Magdanly
0%
Botswana (2022) 48,431 Mahalapye
0%
Egypt (2023) 614,202 Mahallah el-Kubra
0%
Dominica (2011) 2,113 Mahaut
0%
Samoa (2021) 2,623 Malie
0%
Eswatini (2017) 6,122 Malkerns
0%
Bahrain (2001) 13,658 Malkiya - Karzakan
0%
Timor Leste (2022) 4,655 Manatuto
0%
Kuwait (2018) 337,114 Mangaf
0%
Malawi (2018) 53,498 Mangochi
0%
Guinea Bissau (2009) 8,313 Mansôa
0%
Uzbekistan (2023) 246,650 Margilan
0%
South Sudan (2008) 55,602 Maridi
0%
Malta (2023) 18,253 Marsaskala
0%
Azerbaijan (2019) 109,100 Mashtagha
0%
Brunei (2021) 3,129 Masin
0%
Armenia (2022) 20,081 Masis
0%
Dominica (2011) 1,552 Massacre
0%
Eswatini (2017) 7,571 Matsapha
0%
Lithuania (2024) 33,377 Mažeikiai
0%
Mauritania (2013) 47,725 Mbera
0%
Suriname (2012) 12,405 Meerzorg
0%
Eritrea (1997) 20,391 Mendefera
0%
Afghanistan (2020) 96,000 Meymaneh
0%
Eswatini (2017) 3,645 Mhlume
0%
Equatorial Guinea (2001) 5,327 Micomeseng
0%
St Lucia (2022) 2,131 Micoud
0%
Gabon (2013) 59,154 Moanda
0%
Suriname (2012) 10,834 Moengo
0%
Monaco (2016) 1,064 Monaco-Ville
0%
Equatorial Guinea (2001) 5,791 Mongomo
0%
Myanmar (2014) 207,489 Monywa
0%
Trinidad and Tobago (2011) 17,591 Morvant
0%
Tuvalu (2017) 326 Motufoua
0%
Gabon (2013) 36,061 Mouila
0%
Sierra Leone (2015) 10,249 Moyamba
0%
Comoros (2017) 5,470 Mrémani
0%
Malta (2023) 15,815 Msida
0%
Kuwait (2018) 250,135 Mubarak al Kabeer
0%
Uganda (2020) 191,300 Mukono
0%
Brunei (2021) 5,981 Mulaut
0%
Solomon Islands (2019) 3,144 Munda - Nusa Roviana
0%
Bahamas (2010) 1,938 Murphy Town
0%
Rwanda (2022) 37,141 Muyumbu
0%
Lebanon (2017) 25,000 Nabatieh
0%
Maldives (2022) 4,832 Naifaru
0%
Kenya (2019) 198,444 Naivasha
0%
Mongolia (2021) 38,929 Nalajch
0%
Tonga (2021) 3,825 Neiafu
0%
Gambia (2013) 28,651 Nema Kunku
0%
Paraguay (2022) 116,383 Ñemby
0%
Bhutan (2017) 5,418 Nganglam
0%
Palau (2020) 454 Ngerchol
0%
Palau (2020) 239 Ngermetengel
0%
Suriname (2012) 12,818 Nieuw Nickerie
0%
Benin (2013) 66,109 Nikki
0%
Cameroon (2005) 104,050 Nkongsamba
0%
Solomon Islands (2019) 7,204 Noro
0%
Togo (2022) 49,143 Notse
0%
Nauru (2021) 1,526 NPC Settlement (Location)
0%
Gabon (2013) 51,954 Ntoum
0%
Panama (2023) 62,300 Nueva Esperanza
0%
Tonga (2021) 2,104 Nukunuku
0%
Rwanda (2022) 65,107 Nyamata
0%
Djibouti (2024) 20,152 Obock
0%
Ghana (2010) 143,644 Obuasi
0%
Namibia (2023) 45,182 Okahandja
0%
Jamaica (2011) 28,912 Old Harbour
0%
Mongolia (2021) 39,711 Ölgij
0%
Andorra (2023) 3,217 Ordino
0%
Comoros (2017) 10,073 Ouani
0%
Republic of the Congo (2023) 48,642 Owando
0%
Botswana (2022) 52,636 Palapye
0%
Tajikistan (2022) 43,800 Panjakent
0%
Sao Tome (2012) 3,391 Pantufo
0%
Cape Verde (2021) 10,038 Pedra Badejo
0%
Paraguay (2022) 114,944 Pedro Juan Caballero
0%
Trinidad and Tobago (2011) 13,873 Penal
0%
Sierra Leone (2015) 12,640 Pendembu
0%
Seychelles (2022) 6,209 Perseverance
0%
Venezuela (2019) 441,700 Petare
0%
Laos (2015) 34,442 Phiang
0%
Laos (2015) 30,805 Phonhong
0%
Eswatini (2017) 5,389 Pigg's Peak
0%
Antigua and Barbuda (2001) 1,478 Pigotts
0%
Liberia (2008) 23,464 Plibo
0%
Kosovo (2011) 23,453 Podujevë
0%
Albania (2011) 20,848 Pogradeci
0%
Dominica (2011) 1,664 Pointe Michel
0%
Trinidad and Tobago (2011) 20,235 Point Fortin
0%
Tonga (2021) 2,335 Popua
0%
Sierra Leone (2015) 33,541 Port Loko
0%
Antigua and Barbuda (2001) 2,066 Potters Village
0%
Burkina Faso (2019) 96,469 Pouytenga
0%
Afghanistan (2020) 123,700 Pul-e Khumri
0%
Cambodia (2019) 62,469 Pursat
0%
Lesotho (2016) 18,282 Qacha's Nek
0%
Syria (2004) 184,231 Qamislo
0%
Lesotho (2016) 32,382 Quthing
0%
Kosovo (2011) 15,892 Rahovec
0%
Marshall Islands (2021) 4,653 Rairok
0%
Fiji (2017) 5,964 Rakiraki
0%
Tunisia (2023) 124,000 Raoued
0%
Qatar (2020) 74,576 Rawdat Rashed
0%
Equatorial Guinea (2001) 5,445 Rebola
0%
South Sudan (2008) 69,079 Renk
0%
Liechtenstein (2021) 2,466 Ruggell
0%
Zimbabwe (2022) 94,078 Ruwa
0%
Moldova (2014) 47,949 Rybnica
0%
Bolivia (2012) 150,110 Sacaba
0%
Yemen (2004) 51,870 Sa'dah
0%
Dominica (2011) 1,746 Saint Joseph
0%
Malawi (2018) 36,789 Salima
0%
Cape Verde (2021) 10,936 Sal Rei
0%
Madagascar (2018) 84,039 Sambava
0%
Bhutan (2017) 9,325 Samdrup Jongkhar
0%
Bhutan (2017) 5,396 Samtse
0%
Andorra (2023) 3,323 Santa Coloma d'Andorra
0%
Sao Tome (2012) 2,576 Santo António
0%
Cape Verde (2021) 10,097 São Filipe
0%
Sao Tome (2012) 2,249 São João dos Angolares
0%
Suriname (2012) 10,217 Saramacca Polder
0%
North Korea (2008) 271,434 Sariwon
0%
Angola (2014) 393,000 Saurimo
0%
Jamaica (2011) 22,633 Savanna-la-Mar
0%
Fiji (2017) 6,833 Savusavu
0%
Antigua and Barbuda (2001) 1,684 Seaview Farm
0%
Libya (2006) 121,895 Sebha
0%
Mauritania (2013) 26,420 Sélibabi
0%
Tuvalu (2017) 1,122 Senala
0%
Ethiopia (2022) 208,400 Shashemene
0%
Afghanistan (2020) 93,600 Sheberghan
0%
Tunisia (2023) 130,255 Sidi Hassine
0%
Fiji (2017) 10,509 Sigatoka
0%
Mali (2009) 226,618 Sikasso
0%
Comoros (2017) 8,737 Sima
0%
Eswatini (2017) 3,173 Simunye
0%
Cambodia (2019) 78,839 Sisophon
0%
Bahrain (2001) 34,317 Sitra
0%
Samoa (2021) 3,567 Siusega
0%
Serbia (2022) 59,261 Smederovo
0%
Zambia (2022) 301,370 Solwezi
0%
Moldova (2014) 22,196 Soroca
0%
St Lucia (2022) 1,771 Soufrière
0%
Bahamas (2010) 1,551 Spanish Wells
0%
Eswatini (2017) 3,663 Stegi
0%
Timor Leste (2022) 10,660 Suai
0%
Gambia (2013) 47,048 Sukuta
0%
Kuwait (2018) 76,829 Sulaibekhat
0%
Kuwait (2018) 87,000 Sulaibiah
0%
Malaysia (2020) 478,314 Sungai Petani
0%
Antigua and Barbuda (2001) 1,837 Swetes
0%
Haiti (2009) 99,011 Tabarre
0%
Kiribati (2020) 3,522 Tabwakea
0%
Cambodia (2019) 91,344 Ta Khmao
0%
Gambia (2013) 40,562 Talinding
0%
Solomon Islands (2019) 24,592 Tandai
0%
Brunei (2021) 3,838 Tanjong Nangka
0%
Myanmar (2014) 264,804 Taunggyi
0%
Georgia (2020) 32,699 Tchinval
0%
Kiribati (2020) 6,007 Teaoraereke
0%
Turkmenistan (2022) 67,488 Tejen
0%
Tuvalu (2017) 665 Tekavatoetoe
0%
Kiribati (2020) 5,495 Temwaiku
0%
Tuvalu (2017) 718 Teone
0%
Niger (2012) 43,409 Tessaoua
0%
Lesotho (2016) 26,043 Teyateyaneng
0%
Lesotho (2016) 16,010 Thaba-Tseka
0%
Laos (2015) 38,388 Thakhek
0%
Kenya (2019) 251,407 Thika
0%
Maldives (2022) 6,217 Thinadhoo
0%
Senegal (2023) 152,043 Tivaouane Peulh
0%
Botswana (2022) 55,508 Tlokweng
0%
Samoa (2021) 2,401 Toamua
0%
Tonga (2021) 3,467 Tofoa-Koloua
0%
Slovenia (2022) 13,620 Trbovlje
0%
Mauritius (2022) 23,179 Triolet
0%
Comoros (2017) 12,590 Tsémbéhou
0%
Togo (2022) 76,861 Tsevie
0%
Bhutan (2017) 11,448 Tshongdue
0%
Namibia (2023) 34,960 Tsumeb
0%
Guyana (2012) 12,219 Tuchen
0%
Solomon Islands (2019) 1,481 Tulagi
0%
Trinidad and Tobago (2011) 16,701 Tunapuna
0%
Tajikistan (2022) 57,800 Tursunzoda
0%
Brunei (2021) 8,596 Tutong
0%
Marshall Islands (2021) 2,019 Uliga
0%
Qatar (2020) 149,701 Umm Salal Mohammed
0%
Moldova (2014) 30,804 Ungheni
0%
Kyrgyzstan (2022) 61,773 Uzgen
0%
Tajikistan (2022) 54,400 Vah̦dat
0%
Tuvalu (2017) 462 Vaiaku
0%
Samoa (2021) 3,284 Vailele
0%
Tonga (2021) 3,295 Vainī
0%
Samoa (2021) 2,596 Vaiusu
0%
Iceland (2024) 4,444 Vestmannaeyjar
0%
Maldives (2022) 6,755 Villimalé
0%
Panama (2023) 128,973 Vista Alegre
0%
Guyana (2012) 11,590 Vreed en Hoop
0%
Kosovo (2011) 27,272 Vushtrri
0%
Jordan (2015) 241,830 Wadi Essier
0%
Bhutan (2017) 8,954 Wangdue
0%
Marshall Islands (2021) 765 Woja
0%
Marshall Islands (2021) 723 Wotje
0%
Laos (2015) 31,482 Xayabury
0%
Taiwan (2020) 499,468 Xinzhu
0%
Syria (2004) 137,248 Yarmouk
0%
Taiwan (2020) 233,017 Zhubei
0%
Liberia (2008) 25,349 Zwedru
0%
No matching quizzes found
Score Distribution
Percent of People with Each Score
Percentile by Number Answered
Your Score History
You have not taken this quiz since the last reset